{"text_format":"1","workbook":"xlsx","n_sheets":3,"sheets":["Formato","Instructivo de Diligenciamiento","Listas"],"not_rendered":{"charts":0,"images":3,"macros":1,"external_links":0,"defined_names":3,"comments":0,"pivot_tables":0},"unopened":[],"bounds":{"document_bytes":16777216,"sheet_cells":100000,"rows_first":2000,"rows_last":500,"rows_between":2000,"halvings":0,"cell_chars":16384,"cell_head_chars":4096},"cells_cut":0,"cells_raw":0,"read":"whole","date_system":"1900"}

{"sheet":"Formato","index":0,"n_rows":231,"n_cols":17,"rows_kept":231,"cut":false,"hidden":false,"merged":[[217,2,217,3],[217,8,217,9],[217,10,217,11],[217,16,217,17],[215,2,215,3],[215,8,215,9],[215,10,215,11],[215,16,215,17],[216,2,216,3],[216,8,216,9],[216,10,216,11],[216,16,216,17],[213,2,213,3],[213,8,213,9],[213,10,213,11],[213,16,213,17],[214,2,214,3],[214,8,214,9],[214,10,214,11],[214,16,214,17],[211,2,211,3],[211,8,211,9],[211,10,211,11],[211,16,211,17],[212,2,212,3],[212,8,212,9],[212,10,212,11],[212,16,212,17],[209,2,209,3],[209,8,209,9],[209,10,209,11],[209,16,209,17],[210,2,210,3],[210,8,210,9],[210,10,210,11],[210,16,210,17],[207,2,207,3],[207,8,207,9],[207,10,207,11],[207,16,207,17],[208,2,208,3],[208,8,208,9],[208,10,208,11],[208,16,208,17],[205,2,205,3],[205,8,205,9],[205,10,205,11],[205,16,205,17],[206,2,206,3],[206,8,206,9],[206,10,206,11],[206,16,206,17],[203,2,203,3],[203,8,203,9],[203,10,203,11],[203,16,203,17],[204,2,204,3],[204,8,204,9],[204,10,204,11],[204,16,204,17],[201,2,201,3],[201,8,201,9],[201,10,201,11],[201,16,201,17],[202,2,202,3],[202,8,202,9],[202,10,202,11],[202,16,202,17],[199,2,199,3],[199,8,199,9],[199,10,199,11],[199,16,199,17],[200,2,200,3],[200,8,200,9],[200,10,200,11],[200,16,200,17],[197,2,197,3],[197,8,197,9],[197,10,197,11],[197,16,197,17],[198,2,198,3],[198,8,198,9],[198,10,198,11],[198,16,198,17],[195,2,195,3],[195,8,195,9],[195,10,195,11],[195,16,195,17],[196,2,196,3],[196,8,196,9],[196,10,196,11],[196,16,196,17],[193,2,193,3],[193,8,193,9],[193,10,193,11],[193,16,193,17],[194,2,194,3],[194,8,194,9],[194,10,194,11],[194,16,194,17],[191,2,191,3],[191,8,191,9],[191,10,191,11],[191,16,191,17],[192,2,192,3],[192,8,192,9],[192,10,192,11],[192,16,192,17],[189,2,189,3],[189,8,189,9],[189,10,189,11],[189,16,189,17],[190,2,190,3],[190,8,190,9],[190,10,190,11],[190,16,190,17],[187,2,187,3],[187,8,187,9],[187,10,187,11],[187,16,187,17],[188,2,188,3],[188,8,188,9],[188,10,188,11],[188,16,188,17],[185,2,185,3],[185,8,185,9],[185,10,185,11],[185,16,185,17],[186,2,186,3],[186,8,186,9],[186,10,186,11],[186,16,186,17],[183,2,183,3],[183,8,183,9],[183,10,183,11],[183,16,183,17],[184,2,184,3],[184,8,184,9],[184,10,184,11],[184,16,184,17],[181,2,181,3],[181,8,181,9],[181,10,181,11],[181,16,181,17],[182,2,182,3],[182,8,182,9],[182,10,182,11],[182,16,182,17],[179,2,179,3],[179,8,179,9],[179,10,179,11],[179,16,179,17],[180,2,180,3],[180,8,180,9],[180,10,180,11],[180,16,180,17],[177,2,177,3],[177,8,177,9],[177,10,177,11],[177,16,177,17],[178,2,178,3],[178,8,178,9],[178,10,178,11],[178,16,178,17],[175,2,175,3],[175,8,175,9],[175,10,175,11],[175,16,175,17],[176,2,176,3],[176,8,176,9],[176,10,176,11],[176,16,176,17],[173,2,173,3],[173,8,173,9],[173,10,173,11],[173,16,173,17],[174,2,174,3],[174,8,174,9],[174,10,174,11],[174,16,174,17],[171,2,171,3],[171,8,171,9],[171,10,171,11],[171,16,171,17],[172,2,172,3],[172,8,172,9],[172,10,172,11],[172,16,172,17],[169,2,169,3],[169,8,169,9],[169,10,169,11],[169,16,169,17],[170,2,170,3],[170,8,170,9],[170,10,170,11],[170,16,170,17],[167,2,167,3],[167,8,167,9],[167,10,167,11],[167,16,167,17],[168,2,168,3],[168,8,168,9],[168,10,168,11],[168,16,168,17],[165,2,165,3],[165,8,165,9],[165,10,165,11],[165,16,165,17],[166,2,166,3],[166,8,166,9],[166,10,166,11],[166,16,166,17],[163,2,163,3],[163,8,163,9],[163,10,163,11],[163,16,163,17],[164,2,164,3],[164,8,164,9],[164,10,164,11],[164,16,164,17],[161,2,161,3],[161,8,161,9],[161,10,161,11],[161,16,161,17],[162,2,162,3],[162,8,162,9],[162,10,162,11],[162,16,162,17],[159,2,159,3],[159,8,159,9],[159,10,159,11],[159,16,159,17],[160,2,160,3],[160,8,160,9],[160,10,160,11],[160,16,160,17],[157,2,157,3],[157,8,157,9],[157,10,157,11],[157,16,157,17],[158,2,158,3],[158,8,158,9],[158,10,158,11],[158,16,158,17],[155,2,155,3],[155,8,155,9],[155,10,155,11],[155,16,155,17],[156,2,156,3],[156,8,156,9],[156,10,156,11],[156,16,156,17],[153,2,153,3],[153,8,153,9],[153,10,153,11],[153,16,153,17],[154,2,154,3],[154,8,154,9],[154,10,154,11],[154,16,154,17],[151,2,151,3],[151,8,151,9],[151,10,151,11],[151,16,151,17],[152,2,152,3],[152,8,152,9],[152,10,152,11],[152,16,152,17],[149,2,149,3],[149,8,149,9],[149,10,149,11],[149,16,149,17],[150,2,150,3],[150,8,150,9],[150,10,150,11],[150,16,150,17],[147,2,147,3],[147,8,147,9],[147,10,147,11],[147,16,147,17],[148,2,148,3],[148,8,148,9],[148,10,148,11],[148,16,148,17],[145,2,145,3],[145,8,145,9],[145,10,145,11],[145,16,145,17],[146,2,146,3],[146,8,146,9],[146,10,146,11],[146,16,146,17],[143,2,143,3],[143,8,143,9],[143,10,143,11],[143,16,143,17],[144,2,144,3],[144,8,144,9],[144,10,144,11],[144,16,144,17],[141,2,141,3],[141,8,141,9],[141,10,141,11],[141,16,141,17],[142,2,142,3],[142,8,142,9],[142,10,142,11],[142,16,142,17],[139,2,139,3],[139,8,139,9],[139,10,139,11],[139,16,139,17],[140,2,140,3],[140,8,140,9],[140,10,140,11],[140,16,140,17],[137,2,137,3],[137,8,137,9],[137,10,137,11],[137,16,137,17],[138,2,138,3],[138,8,138,9],[138,10,138,11],[138,16,138,17],[135,2,135,3],[135,8,135,9],[135,10,135,11],[135,16,135,17],[136,2,136,3],[136,8,136,9],[136,10,136,11],[136,16,136,17],[133,2,133,3],[133,8,133,9],[133,10,133,11],[133,16,133,17],[134,2,134,3],[134,8,134,9],[134,10,134,11],[134,16,134,17],[131,2,131,3],[131,8,131,9],[131,10,131,11],[131,16,131,17],[132,2,132,3],[132,8,132,9],[132,10,132,11],[132,16,132,17],[129,2,129,3],[129,8,129,9],[129,10,129,11],[129,16,129,17],[130,2,130,3],[130,8,130,9],[130,10,130,11],[130,16,130,17],[127,2,127,3],[127,8,127,9],[127,10,127,11],[127,16,127,17],[128,2,128,3],[128,8,128,9],[128,10,128,11],[128,16,128,17],[125,2,125,3],[125,8,125,9],[125,10,125,11],[125,16,125,17],[126,2,126,3],[126,8,126,9],[126,10,126,11],[126,16,126,17],[123,2,123,3],[123,8,123,9],[123,10,123,11],[123,16,123,17],[124,2,124,3],[124,8,124,9],[124,10,124,11],[124,16,124,17],[121,2,121,3],[121,8,121,9],[121,10,121,11],[121,16,121,17],[122,2,122,3],[122,8,122,9],[122,10,122,11],[122,16,122,17],[119,2,119,3],[119,8,119,9],[119,10,119,11],[119,16,119,17],[120,2,120,3],[120,8,120,9],[120,10,120,11],[120,16,120,17],[117,2,117,3],[117,8,117,9],[117,10,117,11],[117,16,117,17],[118,2,118,3],[118,8,118,9],[118,10,118,11],[118,16,118,17],[115,2,115,3],[115,8,115,9],[115,10,115,11],[115,16,115,17],[116,2,116,3],[116,8,116,9],[116,10,116,11],[116,16,116,17],[113,2,113,3],[113,8,113,9],[113,10,113,11],[113,16,113,17],[114,2,114,3],[114,8,114,9],[114,10,114,11],[114,16,114,17],[111,2,111,3],[111,8,111,9],[111,10,111,11],[111,16,111,17],[112,2,112,3],[112,8,112,9],[112,10,112,11],[112,16,112,17],[109,2,109,3],[109,8,109,9],[109,10,109,11],[109,16,109,17],[110,2,110,3],[110,8,110,9],[110,10,110,11],[110,16,110,17],[107,2,107,3],[107,8,107,9],[107,10,107,11],[107,16,107,17],[108,2,108,3],[108,8,108,9],[108,10,108,11],[108,16,108,17],[105,2,105,3],[105,8,105,9],[105,10,105,11],[105,16,105,17],[106,2,106,3],[106,8,106,9],[106,10,106,11],[106,16,106,17],[103,2,103,3],[103,8,103,9],[103,10,103,11],[103,16,103,17],[104,2,104,3],[104,8,104,9],[104,10,104,11],[104,16,104,17],[101,2,101,3],[101,8,101,9],[101,10,101,11],[101,16,101,17],[102,2,102,3],[102,8,102,9],[102,10,102,11],[102,16,102,17],[99,2,99,3],[99,8,99,9],[99,10,99,11],[99,16,99,17],[100,2,100,3],[100,8,100,9],[100,10,100,11],[100,16,100,17],[97,2,97,3],[97,8,97,9],[97,10,97,11],[97,16,97,17],[98,2,98,3],[98,8,98,9],[98,10,98,11],[98,16,98,17],[95,2,95,3],[95,8,95,9],[95,10,95,11],[95,16,95,17],[96,2,96,3],[96,8,96,9],[96,10,96,11],[96,16,96,17],[93,2,93,3],[93,8,93,9],[93,10,93,11],[93,16,93,17],[94,2,94,3],[94,8,94,9],[94,10,94,11],[94,16,94,17],[91,2,91,3],[91,8,91,9],[91,10,91,11],[91,16,91,17],[92,2,92,3],[92,8,92,9],[92,10,92,11],[92,16,92,17],[89,2,89,3],[89,8,89,9],[89,10,89,11],[89,16,89,17],[90,2,90,3],[90,8,90,9],[90,10,90,11],[90,16,90,17],[87,2,87,3],[87,8,87,9],[87,10,87,11],[87,16,87,17],[88,2,88,3],[88,8,88,9],[88,10,88,11],[88,16,88,17],[85,2,85,3],[85,8,85,9],[85,10,85,11],[85,16,85,17],[86,2,86,3],[86,8,86,9],[86,10,86,11],[86,16,86,17],[83,2,83,3],[83,8,83,9],[83,10,83,11],[83,16,83,17],[84,2,84,3],[84,8,84,9],[84,10,84,11],[84,16,84,17],[81,2,81,3],[81,8,81,9],[81,10,81,11],[81,16,81,17],[82,2,82,3],[82,8,82,9],[82,10,82,11],[82,16,82,17],[79,2,79,3],[79,8,79,9],[79,10,79,11],[79,16,79,17],[80,2,80,3],[80,8,80,9],[80,10,80,11],[80,16,80,17],[77,2,77,3],[77,8,77,9],[77,10,77,11],[77,16,77,17],[78,2,78,3],[78,8,78,9],[78,10,78,11],[78,16,78,17],[75,2,75,3],[75,8,75,9],[75,10,75,11],[75,16,75,17],[76,2,76,3],[76,8,76,9],[76,10,76,11],[76,16,76,17],[73,2,73,3],[73,8,73,9],[73,10,73,11],[73,16,73,17],[74,2,74,3],[74,8,74,9],[74,10,74,11],[74,16,74,17],[71,2,71,3],[71,8,71,9],[71,10,71,11],[71,16,71,17],[72,2,72,3],[72,8,72,9],[72,10,72,11],[72,16,72,17],[69,2,69,3],[69,8,69,9],[69,10,69,11],[69,16,69,17],[70,2,70,3],[70,8,70,9],[70,10,70,11],[70,16,70,17],[67,2,67,3],[67,8,67,9],[67,10,67,11],[67,16,67,17],[68,2,68,3],[68,8,68,9],[68,10,68,11],[68,16,68,17],[65,2,65,3],[65,8,65,9],[65,10,65,11],[65,16,65,17],[66,2,66,3],[66,8,66,9],[66,10,66,11],[66,16,66,17],[63,2,63,3],[63,8,63,9],[63,10,63,11],[63,16,63,17],[64,2,64,3],[64,8,64,9],[64,10,64,11],[64,16,64,17],[61,2,61,3],[61,8,61,9],[61,10,61,11],[61,16,61,17],[62,2,62,3],[62,8,62,9],[62,10,62,11],[62,16,62,17],[59,2,59,3],[59,8,59,9],[59,10,59,11],[59,16,59,17],[60,2,60,3],[60,8,60,9],[60,10,60,11],[60,16,60,17],[57,2,57,3],[57,8,57,9],[57,10,57,11],[57,16,57,17],[58,2,58,3],[58,8,58,9],[58,10,58,11],[58,16,58,17],[55,2,55,3],[55,8,55,9],[55,10,55,11],[55,16,55,17],[56,2,56,3],[56,8,56,9],[56,10,56,11],[56,16,56,17],[53,2,53,3],[53,8,53,9],[53,10,53,11],[53,16,53,17],[54,2,54,3],[54,8,54,9],[54,10,54,11],[54,16,54,17],[51,2,51,3],[51,8,51,9],[51,10,51,11],[51,16,51,17],[52,2,52,3],[52,8,52,9],[52,10,52,11],[52,16,52,17],[49,2,49,3],[49,8,49,9],[49,10,49,11],[49,16,49,17],[50,2,50,3],[50,8,50,9],[50,10,50,11],[50,16,50,17],[47,2,47,3],[47,8,47,9],[47,10,47,11],[47,16,47,17],[48,2,48,3],[48,8,48,9],[48,10,48,11],[48,16,48,17],[40,8,40,9],[40,10,40,11],[40,16,40,17],[45,2,45,3],[45,8,45,9],[45,10,45,11],[45,16,45,17],[46,2,46,3],[46,8,46,9],[46,10,46,11],[46,16,46,17],[43,2,43,3],[43,8,43,9],[43,10,43,11],[43,16,43,17],[44,2,44,3],[44,8,44,9],[44,10,44,11],[44,16,44,17],[29,6,29,8],[15,3,15,7],[1,1,1,13],[7,1,7,2],[11,1,11,2],[23,9,23,13],[25,1,25,2],[25,4,25,5],[25,6,25,8],[25,9,25,10],[25,11,25,13],[11,3,11,9],[9,10,9,11],[9,12,9,13],[2,1,2,13],[13,1,13,13],[15,1,15,2],[4,1,5,3],[4,10,5,11],[4,7,5,9],[4,4,5,5],[27,9,27,10],[21,1,21,13],[7,3,7,9],[9,1,9,2],[9,3,9,7],[7,12,7,13],[23,1,23,2],[23,4,23,8],[19,1,19,13],[27,1,27,2],[27,4,27,5],[27,6,27,8],[17,1,17,13],[27,11,27,13],[29,1,29,2],[29,4,29,5],[29,9,29,10],[31,1,31,2],[31,4,31,5],[31,9,31,10],[31,6,31,8],[31,11,31,13],[230,13,231,14],[228,4,228,5],[224,10,225,12],[226,10,227,12],[228,10,229,12],[230,10,231,12],[224,13,225,14],[226,13,227,14],[228,13,229,14],[39,2,39,3],[39,8,39,9],[29,11,29,13],[228,1,228,3],[37,1,37,9],[38,10,38,11],[39,10,39,11],[37,10,37,17],[35,0,35,17],[230,0,231,0],[230,1,231,2],[39,16,39,17],[228,6,228,8],[227,1,227,3],[222,1,222,3],[225,1,225,3],[225,6,225,8],[227,6,227,8],[37,0,38,0],[38,8,38,9],[38,2,38,3],[38,16,38,17],[41,2,41,3],[41,8,41,9],[41,10,41,11],[41,16,41,17],[42,2,42,3],[42,8,42,9],[42,10,42,11],[42,16,42,17],[40,2,40,3]]}
[]
[null,"FORMATO PARA MODIFICACIÓN DE ÓRDENES DE COMPRA"]
[null,"Tienda Virtual del Estado Colombiano"]
[]
[null,"Número de Orden de Compra a modificar:",null,null,1585,null,null,"Número de modificación de la Orden de Compra:",null,null,2]
[]
[]
[null,"Entidad Compradora:",null,"MINISTERIO DE TIC",null,null,null,null,null,null,null,"NIT:","800131648-6"]
[]
[null,"Nombre del solicitante:",null,"RAFAEL  LONDOÑO CARANTON",null,null,null,null,null,null,"Teléfono de contacto:",null,3002172144]
[]
[null,"Proveedor :",null,"UT S&S SYNAPSIS"]
[]
[null,"Tipo "]
[]
[null,"Tipo",null,"Modificación de la Orden de Compra"]
[]
[null,"Justificación de la modificación o de las acciones a realizar"]
[]
[null,"El día 15 de enero de 2016, el Ing. Rafael Londoño, Subdirector de Gestión Pública de TI, en calidad de supervisor de la Orden de Compra No. 1585 del 19 de febrero de 2015, suscrita entre el Fondo de Tecnologías de la Información y las Comunicaciones y la UT S&S Synapsis, solicitó la prórroga y adición de la misma hasta el 30 de junio de 2016 y por un valor de $954.474.282. Con base en lo anterior, y teniendo en cuenta las consideraciones señaladas por el supervisor, en la comunicación que se anexa solicito de manera atenta la modificación de la orden de compra No. 1585, en los siguientes términos: "]
[]
[null,"Modificación información general"]
[]
[null,"Nombre del campo",null,"¿Requiere modificación Si/No?","Datos actuales",null,null,null,null,"Nuevos datos"]
[]
[null,"Actualizar supervisor",null,"NO","Nombre del supervisor actual",null,null,null,null,"Nombre nuevo supervisor"]
[]
[null,"Fecha de vencimiento",null,"Ampliar fecha","Fecha vencimiento actual",null,"2016-01-15",null,null,"Nueva fecha de vencimiento",null,"2016-06-30"]
[]
[null,"Dirección y/o teléfono",null,"NO","Dirección / teléfono actual",null,null,null,null,"Nueva dirección / teléfono"]
[]
[null,"Gravámenes adicionales",null,"NO","Gravamen(es) actual",null,null,null,null,"Nuevo(s) gravamen(es)"]
[]
[]
[]
["Modificación de artículos y servicios"]
[]
["Tipo de modificación","Información actual",null,null,null,null,null,null,null,null,"Nueva información"]
[null,"Número de la línea según O.C.","Nombre del artículo",null,"Cantidad","Unidad de medida","Precio unitario","Total","Información presupuestal",null,"Nombre del artículo",null,"Cantidad","Unidad de medida","Precio unitario","Total","Información presupuestal"]
["Modificación de artículo o servicio",181,"5,60.1-Windows_IIS-Hosting_virtual-Oro-Tipo 1 - 2 Und","5,60.1-Windows_IIS-Hosting_virtual-Oro-Tipo 1 - 2 Und",10,"Mes",1032238,{"$f":"E40*G40","v":10322380},28215,null,{"$f":"C40","v":"5,60.1-Windows_IIS-Hosting_virtual-Oro-Tipo 1 - 2 Und"},null,5.5,"Mes",1032238,{"$f":"M40*O40","v":5677309},39216]
["Modificación de artículo o servicio",104,"6.0-Certificado_digital_sitio_seguro--Oro-Tipo 1 - 1 Und","6.0-Certificado_digital_sitio_seguro--Oro-Tipo 1 - 1 Und",1,"Mes",1092877,1092877,28215,null,"6.0-Certificado_digital_sitio_seguro--Oro-Tipo 1 - 1 Und",null,1,"Mes",1092877,1092877,39216]
["Modificación de artículo o servicio",86,"5.185-Instalación_configuración_administración_Base_de_Datos_SQL_Server--Oro-Tipo 1 - 1 Und","5.185-Instalación_configuración_administración_Base_de_Datos_SQL_Server--Oro-Tipo 1 - 1 Und",10,"Mes",421054,4210540,28215,null,"5.185-Instalación_configuración_administración_Base_de_Datos_SQL_Server--Oro-Tipo 1 - 1 Und",null,5.5,"Mes",421054,2315797,39216]
["Modificación de artículo o servicio",71,"2.1-Servidor_Pequeño-Hosting_virtual-Oro-Tipo 1 - 2 Und","2.1-Servidor_Pequeño-Hosting_virtual-Oro-Tipo 1 - 2 Und",44,"Semana",171806,7559464,28215,null,"2.1-Servidor_Pequeño-Hosting_virtual-Oro-Tipo 1 - 2 Und",null,24,"Semana",171806,4123344,39216]
["Modificación de artículo o servicio",48,"2.5-Servidor_Mediano-Hosting_virtual-Oro-Tipo 1 - 1 Und","2.5-Servidor_Mediano-Hosting_virtual-Oro-Tipo 1 - 1 Und",44,"Semana",113428,4990832,28215,null,"2.5-Servidor_Mediano-Hosting_virtual-Oro-Tipo 1 - 1 Und",null,24,"Semana",113428,2722272,39216]
["Modificación de artículo o servicio",42,"5.173-Base_de_Datos_SQL_Server-Hosting_virtual-Oro-Tipo 1 - 1 Und","5.173-Base_de_Datos_SQL_Server-Hosting_virtual-Oro-Tipo 1 - 1 Und",10,"Mes",1285815,12858150,28215,null,"5.173-Base_de_Datos_SQL_Server-Hosting_virtual-Oro-Tipo 1 - 1 Und",null,5.5,"Mes",1285815,7071982.5,39216]
["Modificación de artículo o servicio",14,"3.9-Tareas_de_Backup-Hosting_virtual-Oro-Tipo 1 - 5 Und","3.9-Tareas_de_Backup-Hosting_virtual-Oro-Tipo 1 - 5 Und",44,"Semana",51374,2260456,28215,null,"3.9-Tareas_de_Backup-Hosting_virtual-Oro-Tipo 1 - 5 Und",null,24,"Semana",51374,1232976,39216]
["Modificación de artículo o servicio",133,"5.54-Glassfish-Hosting_virtual-Oro-Tipo 1 - 2 Und","5.54-Glassfish-Hosting_virtual-Oro-Tipo 1 - 2 Und",10,"Mes",3470584,34705840,28215,null,"5.54-Glassfish-Hosting_virtual-Oro-Tipo 1 - 2 Und",null,5.5,"Mes",3470584,19088212,39216]
["Modificación de artículo o servicio",131,"3.7 -Almacenamiento_para_Backup-Hosting_virtual-Oro-Tipo 1 - 55 GB","3.7 -Almacenamiento_para_Backup-Hosting_virtual-Oro-Tipo 1 - 55 GB",10,"Mes",7095,70950,28215,null,"3.7 -Almacenamiento_para_Backup-Hosting_virtual-Oro-Tipo 1 - 55 GB",null,5.5,"Mes",7095,39022.5,39216]
["Modificación de artículo o servicio",130,"5.55-Instalación_configuración_administración_Glassfish--Oro-Tipo 1 - 2 Und","5.55-Instalación_configuración_administración_Glassfish--Oro-Tipo 1 - 2 Und",10,"Mes",232075,2320750,28215,null,"5.55-Instalación_configuración_administración_Glassfish--Oro-Tipo 1 - 2 Und",null,5.5,"Mes",232075,1276412.5,39216]
["Modificación de artículo o servicio",128,"2.11-Servidor_Grande-Hosting_virtual-Oro-Tipo 1 - 3 Und","2.11-Servidor_Grande-Hosting_virtual-Oro-Tipo 1 - 3 Und",44,"Semana",674531,29679364,28215,null,"2.11-Servidor_Grande-Hosting_virtual-Oro-Tipo 1 - 3 Und",null,24,"Semana",674531,16188744,39216]
["Modificación de artículo o servicio",28,"5.216-Instalación_configuración_administración_Base_de_datos_MySQL--Oro-Tipo 1 - 1 Und","5.216-Instalación_configuración_administración_Base_de_datos_MySQL--Oro-Tipo 1 - 1 Und",10,"Mes",213345,2133450,28215,null,"5.216-Instalación_configuración_administración_Base_de_datos_MySQL--Oro-Tipo 1 - 1 Und",null,5.5,"Mes",213345,1173397.5,39216]
["Modificación de artículo o servicio",16,"3.9-Tareas_de_Backup-Hosting_virtual-Oro-Tipo 1 - 5 Und","3.9-Tareas_de_Backup-Hosting_virtual-Oro-Tipo 1 - 5 Und",44,"Semana",51374,2260456,28215,null,"3.9-Tareas_de_Backup-Hosting_virtual-Oro-Tipo 1 - 5 Und",null,24,"Semana",51374,1232976,39216]
["Modificación de artículo o servicio",4,"5.197-Base_de_datos_MySQL-Hosting_virtual-Oro-Tipo 1 - 1 Und","5.197-Base_de_datos_MySQL-Hosting_virtual-Oro-Tipo 1 - 1 Und",10,"Mes",1432628,14326280,28215,null,"5.197-Base_de_datos_MySQL-Hosting_virtual-Oro-Tipo 1 - 1 Und",null,5.5,"Mes",1432628,7879454,39216]
["Modificación de artículo o servicio",40,"5.16-Active_Directory-Hosting_virtual-Oro-Tipo 1 - 1 Und","5.16-Active_Directory-Hosting_virtual-Oro-Tipo 1 - 1 Und",10,"Mes",420798,4207980,28215,null,"5.16-Active_Directory-Hosting_virtual-Oro-Tipo 1 - 1 Und",null,5.5,"Mes",420798,2314389,39216]
["Modificación de artículo o servicio",187,"4.0-DNS_Dedicado-Hosting_físico-Oro-Tipo 1 - 1 Und","4.0-DNS_Dedicado-Hosting_físico-Oro-Tipo 1 - 1 Und",10,"Mes",606932,6069320,28215,null,"4.0-DNS_Dedicado-Hosting_físico-Oro-Tipo 1 - 1 Und",null,5.5,"Mes",606932,3338126,39216]
["Modificación de artículo o servicio",57,"2.5-Servidor_Mediano-Hosting_virtual-Oro-Tipo 1 - 1 Und","2.5-Servidor_Mediano-Hosting_virtual-Oro-Tipo 1 - 1 Und",44,"Semana",113428,4990832,28215,null,"2.5-Servidor_Mediano-Hosting_virtual-Oro-Tipo 1 - 1 Und",null,24,"Semana",113428,2722272,39216]
["Modificación de artículo o servicio",56,"6.0-Certificado_digital_sitio_seguro--Oro-Tipo 1 - 1 Und","6.0-Certificado_digital_sitio_seguro--Oro-Tipo 1 - 1 Und",1,"Mes",1092877,1092877,28215,null,"6.0-Certificado_digital_sitio_seguro--Oro-Tipo 1 - 1 Und",null,1,"Mes",1092877,1092877,39216]
["Modificación de artículo o servicio",55,"5.14-Instalación_configuración_administración_Windows_IIS--Oro-Tipo 1 - 1 Und","5.14-Instalación_configuración_administración_Windows_IIS--Oro-Tipo 1 - 1 Und",10,"Mes",73327,733270,28215,null,"5.14-Instalación_configuración_administración_Windows_IIS--Oro-Tipo 1 - 1 Und",null,5.5,"Mes",73327,403298.5,39216]
["Modificación de artículo o servicio",54,"5.3-Windows_IIS-Hosting_virtual-Oro-Tipo 1 - 1 Und","5.3-Windows_IIS-Hosting_virtual-Oro-Tipo 1 - 1 Und",10,"Mes",626222,6262220,28215,null,"5.3-Windows_IIS-Hosting_virtual-Oro-Tipo 1 - 1 Und",null,5.5,"Mes",626222,3444221,39216]
["Modificación de artículo o servicio",53,"5.216-Instalación_configuración_administración_Base_de_datos_MySQL--Oro-Tipo 1 - 1 Und","5.216-Instalación_configuración_administración_Base_de_datos_MySQL--Oro-Tipo 1 - 1 Und",10,"Mes",213345,2133450,28215,null,"5.216-Instalación_configuración_administración_Base_de_datos_MySQL--Oro-Tipo 1 - 1 Und",null,5.5,"Mes",213345,1173397.5,39216]
["Modificación de artículo o servicio",50,"3.7 -Almacenamiento_para_Backup-Hosting_virtual-Oro-Tipo 1 - 50 GB","3.7 -Almacenamiento_para_Backup-Hosting_virtual-Oro-Tipo 1 - 50 GB",10,"Mes",6450,64500,28215,null,"3.7 -Almacenamiento_para_Backup-Hosting_virtual-Oro-Tipo 1 - 50 GB",null,5.5,"Mes",6450,35475,39216]
["Modificación de artículo o servicio",21,"3.9-Tareas_de_Backup-Hosting_virtual-Oro-Tipo 1 - 5 Und","3.9-Tareas_de_Backup-Hosting_virtual-Oro-Tipo 1 - 5 Und",44,"Semana",51374,2260456,28215,null,"3.9-Tareas_de_Backup-Hosting_virtual-Oro-Tipo 1 - 5 Und",null,24,"Semana",51374,1232976,39216]
["Modificación de artículo o servicio",18,"5.193-Base_de_datos_MySQL-Hosting_virtual-Oro-Tipo 1 - 0 Und","5.193-Base_de_datos_MySQL-Hosting_virtual-Oro-Tipo 1 - 0 Und",10,"Mes",965962,9659620,28215,null,"5.193-Base_de_datos_MySQL-Hosting_virtual-Oro-Tipo 1 - 0 Und",null,5.5,"Mes",965962,5312791,39216]
["Modificación de artículo o servicio",3,"2.7-Servidor_Mediano-Hosting_virtual-Oro-Tipo 1 - 1 Und","2.7-Servidor_Mediano-Hosting_virtual-Oro-Tipo 1 - 1 Und",44,"Semana",114488,5037472,28215,null,"2.7-Servidor_Mediano-Hosting_virtual-Oro-Tipo 1 - 1 Und",null,24,"Semana",114488,2747712,39216]
["Modificación de artículo o servicio",172,"5.661-Jboss-Nube_privada-Oro-Tipo 2 - 2 Und","5.661-Jboss-Nube_privada-Oro-Tipo 2 - 2 Und",10,"Mes",2496957,24969570,28215,null,"5.661-Jboss-Nube_privada-Oro-Tipo 2 - 2 Und",null,5.5,"Mes",2496957,13733263.5,39216]
["Modificación de artículo o servicio",81,"6.0-Certificado_digital_sitio_seguro--Oro-Tipo 1 - 1 Und","6.0-Certificado_digital_sitio_seguro--Oro-Tipo 1 - 1 Und",1,"Mes",1092877,1092877,28215,null,"6.0-Certificado_digital_sitio_seguro--Oro-Tipo 1 - 1 Und",null,1,"Mes",1092877,1092877,39216]
["Modificación de artículo o servicio",79,"3.7 -Almacenamiento_para_Backup-Hosting_virtual-Oro-Tipo 1 - 54 GB","3.7 -Almacenamiento_para_Backup-Hosting_virtual-Oro-Tipo 1 - 54 GB",10,"Mes",6966,69660,28215,null,"3.7 -Almacenamiento_para_Backup-Hosting_virtual-Oro-Tipo 1 - 54 GB",null,5.5,"Mes",6966,38313,39216]
["Modificación de artículo o servicio",77,"5.146-Base_de_Datos_Oracle-Hosting_virtual-Oro-Tipo 1 - 1 Und","5.146-Base_de_Datos_Oracle-Hosting_virtual-Oro-Tipo 1 - 1 Und",10,"Mes",3138540,31385400,28215,null,"5.146-Base_de_Datos_Oracle-Hosting_virtual-Oro-Tipo 1 - 1 Und",null,5.5,"Mes",3138540,17261970,39216]
["Modificación de artículo o servicio",76,"2.7-Servidor_Mediano-Hosting_virtual-Oro-Tipo 1 - 3 Und","2.7-Servidor_Mediano-Hosting_virtual-Oro-Tipo 1 - 3 Und",44,"Semana",343465,15112460,28215,null,"2.7-Servidor_Mediano-Hosting_virtual-Oro-Tipo 1 - 3 Und",null,24,"Semana",343465,8243160,39216]
["Modificación de artículo o servicio",61,"5.169-Instalación_configuración_administración_Base_de_Datos_Oracle--Oro-Tipo 1 - 1 Und","5.169-Instalación_configuración_administración_Base_de_Datos_Oracle--Oro-Tipo 1 - 1 Und",10,"Mes",547370,5473700,28215,null,"5.169-Instalación_configuración_administración_Base_de_Datos_Oracle--Oro-Tipo 1 - 1 Und",null,5.5,"Mes",547370,3010535,39216]
["Modificación de artículo o servicio",30,"3.9-Tareas_de_Backup-Hosting_virtual-Oro-Tipo 1 - 5 Und","3.9-Tareas_de_Backup-Hosting_virtual-Oro-Tipo 1 - 5 Und",44,"Semana",51374,2260456,28215,null,"3.9-Tareas_de_Backup-Hosting_virtual-Oro-Tipo 1 - 5 Und",null,24,"Semana",51374,1232976,39216]
["Modificación de artículo o servicio",5,"4.1-Balanceador_de_Carga_Dedicado-Hosting_físico-Oro-Tipo 1 - 1 Und","4.1-Balanceador_de_Carga_Dedicado-Hosting_físico-Oro-Tipo 1 - 1 Und",10,"Mes",1591942,{"$f":"E72*G72","v":15919420},28215,null,{"$f":"C72","v":"4.1-Balanceador_de_Carga_Dedicado-Hosting_físico-Oro-Tipo 1 - 1 Und"},null,5.5,"Mes",1591942,{"$f":"M72*O72","v":8755681},39216]
["Modificación de artículo o servicio",173,"5.3-Windows_IIS-Hosting_virtual-Oro-Tipo 1 - 1 Und","5.3-Windows_IIS-Hosting_virtual-Oro-Tipo 1 - 1 Und",10,"Mes",626222,6262220,28215,null,"5.3-Windows_IIS-Hosting_virtual-Oro-Tipo 1 - 1 Und",null,5.5,"Mes",626222,3444221,39216]
["Modificación de artículo o servicio",98,"2.5-Servidor_Mediano-Hosting_virtual-Oro-Tipo 1 - 1 Und","2.5-Servidor_Mediano-Hosting_virtual-Oro-Tipo 1 - 1 Und",44,"Semana",113428,4990832,28215,null,"2.5-Servidor_Mediano-Hosting_virtual-Oro-Tipo 1 - 1 Und",null,24,"Semana",113428,2722272,39216]
["Modificación de artículo o servicio",73,"5.169-Instalación_configuración_administración_Base_de_Datos_Oracle--Oro-Tipo 1 - 1 Und","5.169-Instalación_configuración_administración_Base_de_Datos_Oracle--Oro-Tipo 1 - 1 Und",10,"Mes",547370,5473700,28215,null,"5.169-Instalación_configuración_administración_Base_de_Datos_Oracle--Oro-Tipo 1 - 1 Und",null,5.5,"Mes",547370,3010535,39216]
["Modificación de artículo o servicio",64,"3.7 -Almacenamiento_para_Backup-Hosting_virtual-Oro-Tipo 1 - 100 GB","3.7 -Almacenamiento_para_Backup-Hosting_virtual-Oro-Tipo 1 - 100 GB",10,"Mes",12900,129000,28215,null,"3.7 -Almacenamiento_para_Backup-Hosting_virtual-Oro-Tipo 1 - 100 GB",null,5.5,"Mes",12900,70950,39216]
["Modificación de artículo o servicio",62,"5.14-Instalación_configuración_administración_Windows_IIS--Oro-Tipo 1 - 1 Und","5.14-Instalación_configuración_administración_Windows_IIS--Oro-Tipo 1 - 1 Und",10,"Mes",73327,733270,28215,null,"5.14-Instalación_configuración_administración_Windows_IIS--Oro-Tipo 1 - 1 Und",null,5.5,"Mes",73327,403298.5,39216]
["Modificación de artículo o servicio",60,"5.658-Jboss-Nube_privada-Oro-Tipo 2 - 1 Und","5.658-Jboss-Nube_privada-Oro-Tipo 2 - 1 Und",10,"Mes",1248478,12484780,28215,null,"5.658-Jboss-Nube_privada-Oro-Tipo 2 - 1 Und",null,5.5,"Mes",1248478,6866629,39216]
["Modificación de artículo o servicio",59,"5.144-Base_de_Datos_Oracle-Hosting_virtual-Oro-Tipo 1 - 1 Und","5.144-Base_de_Datos_Oracle-Hosting_virtual-Oro-Tipo 1 - 1 Und",10,"Mes",3143301,31433010,28215,null,"5.144-Base_de_Datos_Oracle-Hosting_virtual-Oro-Tipo 1 - 1 Und",null,5.5,"Mes",3143301,17288155.5,39216]
["Modificación de artículo o servicio",58,"2.5-Servidor_Mediano-Hosting_virtual-Oro-Tipo 1 - 1 Und","2.5-Servidor_Mediano-Hosting_virtual-Oro-Tipo 1 - 1 Und",44,"Semana",113428,4990832,28215,null,"2.5-Servidor_Mediano-Hosting_virtual-Oro-Tipo 1 - 1 Und",null,24,"Semana",113428,2722272,39216]
["Modificación de artículo o servicio",37,"3.9-Tareas_de_Backup-Hosting_virtual-Oro-Tipo 1 - 5 Und","3.9-Tareas_de_Backup-Hosting_virtual-Oro-Tipo 1 - 5 Und",44,"Semana",51374,2260456,28215,null,"3.9-Tareas_de_Backup-Hosting_virtual-Oro-Tipo 1 - 5 Und",null,24,"Semana",51374,1232976,39216]
["Modificación de artículo o servicio",45,"3.9-Tareas_de_Backup-Hosting_virtual-Oro-Tipo 1 - 5 Und","3.9-Tareas_de_Backup-Hosting_virtual-Oro-Tipo 1 - 5 Und",44,"Semana",51374,2260456,28215,null,"3.9-Tareas_de_Backup-Hosting_virtual-Oro-Tipo 1 - 5 Und",null,26,"Semana",51374,1335724,39216]
["Modificación de artículo o servicio",32,"6.10-Memoria_RAM_Adicional-Hosting_virtual-Oro-Tipo 1 - 64 Und","6.10-Memoria_RAM_Adicional-Hosting_virtual-Oro-Tipo 1 - 64 Und",2,"Mes",1146433,2292866,28215,null,"6.10-Memoria_RAM_Adicional-Hosting_virtual-Oro-Tipo 1 - 64 Und",null,5.5,"Mes",1146433,6305381.5,39216]
["Modificación de artículo o servicio",31,"5.197-Base_de_datos_MySQL-Hosting_virtual-Oro-Tipo 1 - 3 Und","5.197-Base_de_datos_MySQL-Hosting_virtual-Oro-Tipo 1 - 3 Und",10,"Mes",4297883,42978830,28215,null,"5.197-Base_de_datos_MySQL-Hosting_virtual-Oro-Tipo 1 - 3 Und",null,5.5,"Mes",4297883,23638356.5,39216]
["Modificación de artículo o servicio",25,"6.0-Certificado_digital_sitio_seguro--Oro-Tipo 1 - 1 Und","6.0-Certificado_digital_sitio_seguro--Oro-Tipo 1 - 1 Und",1,"Mes",1092877,1092877,28215,null,"6.0-Certificado_digital_sitio_seguro--Oro-Tipo 1 - 1 Und",null,1,"Mes",1092877,1092877,39216]
["Modificación de artículo o servicio",20,"3.6-Almacenamiento_para_Backup-Hosting_físico-Oro-Tipo 1 - 2518 GB","3.6-Almacenamiento_para_Backup-Hosting_físico-Oro-Tipo 1 - 2518 GB",10,"Mes",324813,3248130,28215,null,"3.6-Almacenamiento_para_Backup-Hosting_físico-Oro-Tipo 1 - 2518 GB",null,5.5,"Mes",324813,1786471.5,39216]
["Modificación de artículo o servicio",17,"2.11-Servidor_Grande-Hosting_virtual-Oro-Tipo 1 - 6 Und","2.11-Servidor_Grande-Hosting_virtual-Oro-Tipo 1 - 6 Und",44,"Semana",1349062,59358728,28215,null,"2.11-Servidor_Grande-Hosting_virtual-Oro-Tipo 1 - 6 Und",null,26,"Semana",1349062,35075612,39216]
["Modificación de artículo o servicio",159,"5.5-Windows_IIS-Hosting_virtual-Oro-Tipo 1 - 1 Und","5.5-Windows_IIS-Hosting_virtual-Oro-Tipo 1 - 1 Und",10,"Mes",1092888,10928880,28215,null,"5.5-Windows_IIS-Hosting_virtual-Oro-Tipo 1 - 1 Und",null,4,"Mes",1092888,4371552,39216]
["Modificación de artículo o servicio",126,"3.7 -Almacenamiento_para_Backup-Hosting_virtual-Oro-Tipo 1 - 65 GB","3.7 -Almacenamiento_para_Backup-Hosting_virtual-Oro-Tipo 1 - 65 GB",10,"Mes",8385,83850,28215,null,"3.7 -Almacenamiento_para_Backup-Hosting_virtual-Oro-Tipo 1 - 65 GB",null,4,"Mes",8385,33540,39216]
["Modificación de artículo o servicio",101,"5.185-Instalación_configuración_administración_Base_de_Datos_SQL_Server--Oro-Tipo 1 - 1 Und","5.185-Instalación_configuración_administración_Base_de_Datos_SQL_Server--Oro-Tipo 1 - 1 Und",10,"Mes",421054,4210540,28215,null,"5.185-Instalación_configuración_administración_Base_de_Datos_SQL_Server--Oro-Tipo 1 - 1 Und",null,4,"Mes",421054,1684216,39216]
["Modificación de artículo o servicio",100,"5.173-Base_de_Datos_SQL_Server-Hosting_virtual-Oro-Tipo 1 - 1 Und","5.173-Base_de_Datos_SQL_Server-Hosting_virtual-Oro-Tipo 1 - 1 Und",10,"Mes",1285815,12858150,28215,null,"5.173-Base_de_Datos_SQL_Server-Hosting_virtual-Oro-Tipo 1 - 1 Und",null,4,"Mes",1285815,5143260,39216]
["Modificación de artículo o servicio",85,"5.14-Instalación_configuración_administración_Windows_IIS--Oro-Tipo 1 - 1 Und","5.14-Instalación_configuración_administración_Windows_IIS--Oro-Tipo 1 - 1 Und",10,"Mes",73327,733270,28215,null,"5.14-Instalación_configuración_administración_Windows_IIS--Oro-Tipo 1 - 1 Und",null,4,"Mes",73327,293308,39216]
["Modificación de artículo o servicio",51,"3.9-Tareas_de_Backup-Hosting_virtual-Oro-Tipo 1 - 5 Und","3.9-Tareas_de_Backup-Hosting_virtual-Oro-Tipo 1 - 5 Und",44,"Semana",51374,2260456,28215,null,"3.9-Tareas_de_Backup-Hosting_virtual-Oro-Tipo 1 - 5 Und",null,18,"Semana",51374,924732,39216]
["Modificación de artículo o servicio",33,"2.9-Servidor_Grande-Hosting_virtual-Oro-Tipo 1 - 2 Und","2.9-Servidor_Grande-Hosting_virtual-Oro-Tipo 1 - 2 Und",44,"Semana",447568,19692992,28215,null,"2.9-Servidor_Grande-Hosting_virtual-Oro-Tipo 1 - 2 Und",null,18,"Semana",447568,8056224,39216]
["Modificación de artículo o servicio",39,"1.0-Housing_1_RACK_4KVA_de_energía_42U-Housing-Oro-Tipo 1 - 1 Und","1.0-Housing_1_RACK_4KVA_de_energía_42U-Housing-Oro-Tipo 1 - 1 Und",10,"Mes",2244104,22441040,28215,null,"1.0-Housing_1_RACK_4KVA_de_energía_42U-Housing-Oro-Tipo 1 - 1 Und",null,5.5,"Mes",2244104,12342572,39216]
["Modificación de artículo o servicio",180,"5.81-Instalación_configuración_administración_Weblogic--Oro-Tipo 1 - 1 Und","5.81-Instalación_configuración_administración_Weblogic--Oro-Tipo 1 - 1 Und",10,"Mes",290094,2900940,28215,null,"5.81-Instalación_configuración_administración_Weblogic--Oro-Tipo 1 - 1 Und",null,5.5,"Mes",290094,1595517,39216]
["Modificación de artículo o servicio",179,"5.80-Weblogic-Hosting_virtual-Oro-Tipo 1 - 1 Und","5.80-Weblogic-Hosting_virtual-Oro-Tipo 1 - 1 Und",10,"Mes",2242259,22422590,28215,null,"5.80-Weblogic-Hosting_virtual-Oro-Tipo 1 - 1 Und",null,5.5,"Mes",2242259,12332424.5,39216]
["Modificación de artículo o servicio",96,"3.7 -Almacenamiento_para_Backup-Hosting_virtual-Oro-Tipo 1 - 107 GB","3.7 -Almacenamiento_para_Backup-Hosting_virtual-Oro-Tipo 1 - 107 GB",10,"Mes",13803,138030,28215,null,"3.7 -Almacenamiento_para_Backup-Hosting_virtual-Oro-Tipo 1 - 107 GB",null,5.5,"Mes",13803,75916.5,39216]
["Modificación de artículo o servicio",78,"5.169-Instalación_configuración_administración_Base_de_Datos_Oracle--Oro-Tipo 1 - 1 Und","5.169-Instalación_configuración_administración_Base_de_Datos_Oracle--Oro-Tipo 1 - 1 Und",10,"Mes",547370,5473700,28215,null,"5.169-Instalación_configuración_administración_Base_de_Datos_Oracle--Oro-Tipo 1 - 1 Und",null,5.5,"Mes",547370,3010535,39216]
["Modificación de artículo o servicio",65,"3.9-Tareas_de_Backup-Hosting_virtual-Oro-Tipo 1 - 5 Und","3.9-Tareas_de_Backup-Hosting_virtual-Oro-Tipo 1 - 5 Und",44,"Semana",51374,2260456,28215,null,"3.9-Tareas_de_Backup-Hosting_virtual-Oro-Tipo 1 - 5 Und",null,24,"Semana",51374,1232976,39216]
["Modificación de artículo o servicio",26,"2.11-Servidor_Grande-Hosting_virtual-Oro-Tipo 1 - 2 Und","2.11-Servidor_Grande-Hosting_virtual-Oro-Tipo 1 - 2 Und",44,"Semana",449687,19786228,28215,null,"2.11-Servidor_Grande-Hosting_virtual-Oro-Tipo 1 - 2 Und",null,24,"Semana",449687,10792488,39216]
["Modificación de artículo o servicio",10,"5.150-Base_de_Datos_Oracle-Hosting_virtual-Oro-Tipo 1 - 1 Und","5.150-Base_de_Datos_Oracle-Hosting_virtual-Oro-Tipo 1 - 1 Und",10,"Mes",3605205,36052050,28215,null,"5.150-Base_de_Datos_Oracle-Hosting_virtual-Oro-Tipo 1 - 1 Und",null,5.5,"Mes",3605205,19828627.5,39216]
["Modificación de artículo o servicio",120,"5.14-Instalación_configuración_administración_Windows_IIS--Oro-Tipo 1 - 1 Und","5.14-Instalación_configuración_administración_Windows_IIS--Oro-Tipo 1 - 1 Und",10,"Mes",73327,733270,28215,null,"5.14-Instalación_configuración_administración_Windows_IIS--Oro-Tipo 1 - 1 Und",null,3,"Mes",73327,219981,39216]
["Modificación de artículo o servicio",118,"5.185-Instalación_configuración_administración_Base_de_Datos_SQL_Server--Oro-Tipo 1 - 1 Und","5.185-Instalación_configuración_administración_Base_de_Datos_SQL_Server--Oro-Tipo 1 - 1 Und",10,"Mes",421054,{"$f":"E104*G104","v":4210540},28215,null,{"$f":"C104","v":"5.185-Instalación_configuración_administración_Base_de_Datos_SQL_Server--Oro-Tipo 1 - 1 Und"},null,3,"Mes",421054,{"$f":"M104*O104","v":1263162},39216]
["Modificación de artículo o servicio",87,"3.7 -Almacenamiento_para_Backup-Hosting_virtual-Oro-Tipo 1 - 60 GB","3.7 -Almacenamiento_para_Backup-Hosting_virtual-Oro-Tipo 1 - 60 GB",10,"Mes",7740,77400,28215,null,"3.7 -Almacenamiento_para_Backup-Hosting_virtual-Oro-Tipo 1 - 60 GB",null,3,"Mes",7740,23220,39216]
["Modificación de artículo o servicio",84,"5.171-Base_de_Datos_SQL_Server-Hosting_virtual-Oro-Tipo 1 - 1 Und","5.171-Base_de_Datos_SQL_Server-Hosting_virtual-Oro-Tipo 1 - 1 Und",10,"Mes",1175712,11757120,28215,null,"5.171-Base_de_Datos_SQL_Server-Hosting_virtual-Oro-Tipo 1 - 1 Und",null,3,"Mes",1175712,3527136,39216]
["Modificación de artículo o servicio",83,"5.1-Windows_IIS-Hosting_virtual-Oro-Tipo 1 - 1 Und","5.1-Windows_IIS-Hosting_virtual-Oro-Tipo 1 - 1 Und",10,"Mes",516119,5161190,28215,null,"5.1-Windows_IIS-Hosting_virtual-Oro-Tipo 1 - 1 Und",null,3,"Mes",516119,1548357,39216]
["Modificación de artículo o servicio",82,"2.1-Servidor_Pequeño-Hosting_virtual-Oro-Tipo 1 - 2 Und","2.1-Servidor_Pequeño-Hosting_virtual-Oro-Tipo 1 - 2 Und",44,"Semana",171806,7559464,28215,null,"2.1-Servidor_Pequeño-Hosting_virtual-Oro-Tipo 1 - 2 Und",null,12,"Semana",171806,2061672,39216]
["Modificación de artículo o servicio",75,"3.9-Tareas_de_Backup-Hosting_virtual-Oro-Tipo 1 - 5 Und","3.9-Tareas_de_Backup-Hosting_virtual-Oro-Tipo 1 - 5 Und",44,"Semana",51374,2260456,28215,null,"3.9-Tareas_de_Backup-Hosting_virtual-Oro-Tipo 1 - 5 Und",null,12,"Semana",51374,616488,39216]
["Modificación de artículo o servicio",184,"5.42-Instalación_configuración_administración_Apache--Oro-Tipo 1 - 2 Und","5.42-Instalación_configuración_administración_Apache--Oro-Tipo 1 - 2 Und",10,"Mes",195540,1955400,28215,null,"5.42-Instalación_configuración_administración_Apache--Oro-Tipo 1 - 2 Und",null,5.5,"Mes",195540,1075470,39216]
["Modificación de artículo o servicio",109,"3.7 -Almacenamiento_para_Backup-Hosting_virtual-Oro-Tipo 1 - 73 GB","3.7 -Almacenamiento_para_Backup-Hosting_virtual-Oro-Tipo 1 - 73 GB",10,"Mes",9417,94170,28215,null,"3.7 -Almacenamiento_para_Backup-Hosting_virtual-Oro-Tipo 1 - 73 GB",null,5.5,"Mes",9417,51793.5,39216]
["Modificación de artículo o servicio",106,"5.150-Base_de_Datos_Oracle-Hosting_virtual-Oro-Tipo 1 - 1 Und","5.150-Base_de_Datos_Oracle-Hosting_virtual-Oro-Tipo 1 - 1 Und",10,"Mes",3605205,36052050,28215,null,"5.150-Base_de_Datos_Oracle-Hosting_virtual-Oro-Tipo 1 - 1 Und",null,5.5,"Mes",3605205,19828627.5,39216]
["Modificación de artículo o servicio",89,"2.11-Servidor_Grande-Hosting_virtual-Oro-Tipo 1 - 2 Und","2.11-Servidor_Grande-Hosting_virtual-Oro-Tipo 1 - 2 Und",44,"Semana",449687,19786228,28215,null,"2.11-Servidor_Grande-Hosting_virtual-Oro-Tipo 1 - 2 Und",null,24,"Semana",449687,10792488,39216]
["Modificación de artículo o servicio",80,"3.9-Tareas_de_Backup-Hosting_virtual-Oro-Tipo 1 - 5 Und","3.9-Tareas_de_Backup-Hosting_virtual-Oro-Tipo 1 - 5 Und",44,"Semana",51374,2260456,28215,null,"3.9-Tareas_de_Backup-Hosting_virtual-Oro-Tipo 1 - 5 Und",null,24,"Semana",51374,1232976,39216]
["Modificación de artículo o servicio",9,"5.41-Apache-Hosting_virtual-Oro-Tipo 1 - 2 Und","5.41-Apache-Hosting_virtual-Oro-Tipo 1 - 2 Und",10,"Mes",2389589,23895890,28215,null,"5.41-Apache-Hosting_virtual-Oro-Tipo 1 - 2 Und",null,5.5,"Mes",2389589,13142739.5,39216]
["Modificación de artículo o servicio",182,"5.41-Apache-Hosting_virtual-Oro-Tipo 1 - 1 Und","5.41-Apache-Hosting_virtual-Oro-Tipo 1 - 1 Und",10,"Mes",2389589,23895890,28215,null,"5.41-Apache-Hosting_virtual-Oro-Tipo 1 - 1 Und",null,5.5,"Mes",1194795,6571372.5,39216]
["Modificación de artículo o servicio",88,"3.9-Tareas_de_Backup-Hosting_virtual-Oro-Tipo 1 - 5 Und","3.9-Tareas_de_Backup-Hosting_virtual-Oro-Tipo 1 - 5 Und",44,"Semana",51374,2260456,28215,null,"3.9-Tareas_de_Backup-Hosting_virtual-Oro-Tipo 1 - 5 Und",null,24,"Semana",51374,1232976,39216]
["Modificación de artículo o servicio",13,"3.6-Almacenamiento_para_Backup-Hosting_físico-Oro-Tipo 1 - 190 GB","3.6-Almacenamiento_para_Backup-Hosting_físico-Oro-Tipo 1 - 190 GB",10,"Mes",24509,245090,28215,null,"3.6-Almacenamiento_para_Backup-Hosting_físico-Oro-Tipo 1 - 190 GB",null,5.5,"Mes",24509,134799.5,39216]
["Modificación de artículo o servicio",11,"5.42-Instalación_configuración_administración_Apache--Oro-Tipo 1 - 1 Und","5.42-Instalación_configuración_administración_Apache--Oro-Tipo 1 - 1 Und",10,"Mes",97770,977700,28215,null,"5.42-Instalación_configuración_administración_Apache--Oro-Tipo 1 - 1 Und",null,5.5,"Mes",97770,537735,39216]
["Modificación de artículo o servicio",8,"2.1-Servidor_Pequeño-Hosting_virtual-Oro-Tipo 1 - 2 Und","2.1-Servidor_Pequeño-Hosting_virtual-Oro-Tipo 1 - 2 Und",44,"Semana",1573905,69251820,28215,null,"2.1-Servidor_Pequeño-Hosting_virtual-Oro-Tipo 1 - 2 Und",null,24,"Semana",171806,4123344,39216]
["Modificación de artículo o servicio",160,"5.14-Instalación_configuración_administración_Windows_IIS--Oro-Tipo 1 - 1 Und","5.14-Instalación_configuración_administración_Windows_IIS--Oro-Tipo 1 - 1 Und",10,"Mes",73327,733270,28215,null,"5.14-Instalación_configuración_administración_Windows_IIS--Oro-Tipo 1 - 1 Und",null,3,"Mes",73327,219981,39216]
["Modificación de artículo o servicio",125,"5.185-Instalación_configuración_administración_Base_de_Datos_SQL_Server--Oro-Tipo 1 - 1 Und","5.185-Instalación_configuración_administración_Base_de_Datos_SQL_Server--Oro-Tipo 1 - 1 Und",10,"Mes",421054,4210540,28215,null,"5.185-Instalación_configuración_administración_Base_de_Datos_SQL_Server--Oro-Tipo 1 - 1 Und",null,3,"Mes",421054,1263162,39216]
["Modificación de artículo o servicio",121,"3.7 -Almacenamiento_para_Backup-Hosting_virtual-Oro-Tipo 1 - 50 GB","3.7 -Almacenamiento_para_Backup-Hosting_virtual-Oro-Tipo 1 - 50 GB",10,"Mes",6450,64500,28215,null,"3.7 -Almacenamiento_para_Backup-Hosting_virtual-Oro-Tipo 1 - 50 GB",null,3,"Mes",6450,19350,39216]
["Modificación de artículo o servicio",119,"5.1-Windows_IIS-Hosting_virtual-Oro-Tipo 1 - 1 Und","5.1-Windows_IIS-Hosting_virtual-Oro-Tipo 1 - 1 Und",10,"Mes",516119,5161190,28215,null,"5.1-Windows_IIS-Hosting_virtual-Oro-Tipo 1 - 1 Und",null,3,"Mes",516119,1548357,39216]
["Modificación de artículo o servicio",117,"5.171-Base_de_Datos_SQL_Server-Hosting_virtual-Oro-Tipo 1 - 1 Und","5.171-Base_de_Datos_SQL_Server-Hosting_virtual-Oro-Tipo 1 - 1 Und",10,"Mes",1175712,11757120,28215,null,"5.171-Base_de_Datos_SQL_Server-Hosting_virtual-Oro-Tipo 1 - 1 Und",null,3,"Mes",1175712,3527136,39216]
["Modificación de artículo o servicio",99,"2.1-Servidor_Pequeño-Hosting_virtual-Oro-Tipo 1 - 2 Und","2.1-Servidor_Pequeño-Hosting_virtual-Oro-Tipo 1 - 2 Und",44,"Semana",171806,7559464,28215,null,"2.1-Servidor_Pequeño-Hosting_virtual-Oro-Tipo 1 - 2 Und",null,12,"Semana",171806,2061672,39216]
["Modificación de artículo o servicio",93,"3.9-Tareas_de_Backup-Hosting_virtual-Oro-Tipo 1 - 5 Und","3.9-Tareas_de_Backup-Hosting_virtual-Oro-Tipo 1 - 5 Und",44,"Semana",51374,2260456,28215,null,"3.9-Tareas_de_Backup-Hosting_virtual-Oro-Tipo 1 - 5 Und",null,12,"Semana",51374,616488,39216]
["Modificación de artículo o servicio",176,"3.7 -Almacenamiento_para_Backup-Hosting_virtual-Oro-Tipo 1 - 1300 GB","3.7 -Almacenamiento_para_Backup-Hosting_virtual-Oro-Tipo 1 - 1300 GB",10,"Mes",167695,1676950,28215,null,"3.7 -Almacenamiento_para_Backup-Hosting_virtual-Oro-Tipo 1 - 1300 GB",null,5.5,"Mes",167695,922322.5,39216]
["Modificación de artículo o servicio",134,"5.216-Instalación_configuración_administración_Base_de_datos_MySQL--Oro-Tipo 1 - 1 Und","5.216-Instalación_configuración_administración_Base_de_datos_MySQL--Oro-Tipo 1 - 1 Und",10,"Mes",213345,2133450,28215,null,"5.216-Instalación_configuración_administración_Base_de_datos_MySQL--Oro-Tipo 1 - 1 Und",null,5.5,"Mes",213345,1173397.5,39216]
["Modificación de artículo o servicio",97,"3.9-Tareas_de_Backup-Hosting_virtual-Oro-Tipo 1 - 5 Und","3.9-Tareas_de_Backup-Hosting_virtual-Oro-Tipo 1 - 5 Und",44,"Semana",51374,2260456,28215,null,"3.9-Tareas_de_Backup-Hosting_virtual-Oro-Tipo 1 - 5 Und",null,24,"Semana",51374,1232976,39216]
["Modificación de artículo o servicio",95,"2.11-Servidor_Grande-Hosting_virtual-Oro-Tipo 1 - 2 Und","2.11-Servidor_Grande-Hosting_virtual-Oro-Tipo 1 - 2 Und",44,"Semana",449687,19786228,28215,null,"2.11-Servidor_Grande-Hosting_virtual-Oro-Tipo 1 - 2 Und",null,24,"Semana",449687,10792488,39216]
["Modificación de artículo o servicio",94,"6.0-Certificado_digital_sitio_seguro--Oro-Tipo 1 - 1 Und","6.0-Certificado_digital_sitio_seguro--Oro-Tipo 1 - 1 Und",1,"Mes",1092877,1092877,28215,null,"6.0-Certificado_digital_sitio_seguro--Oro-Tipo 1 - 1 Und",null,1,"Mes",1092877,1092877,39216]
["Modificación de artículo o servicio",91,"5.41-Apache-Hosting_virtual-Oro-Tipo 1 - 1 Und","5.41-Apache-Hosting_virtual-Oro-Tipo 1 - 1 Und",10,"Mes",1194795,11947950,28215,null,"5.41-Apache-Hosting_virtual-Oro-Tipo 1 - 1 Und",null,5.5,"Mes",1194795,6571372.5,39216]
["Modificación de artículo o servicio",47,"2.7-Servidor_Mediano-Hosting_virtual-Oro-Tipo 1 - 1 Und","2.7-Servidor_Mediano-Hosting_virtual-Oro-Tipo 1 - 1 Und",44,"Semana",114488,5037472,28215,null,"2.7-Servidor_Mediano-Hosting_virtual-Oro-Tipo 1 - 1 Und",null,24,"Semana",114488,2747712,39216]
["Modificación de artículo o servicio",27,"5.197-Base_de_datos_MySQL-Hosting_virtual-Oro-Tipo 1 - 1 Und","5.197-Base_de_datos_MySQL-Hosting_virtual-Oro-Tipo 1 - 1 Und",10,"Mes",1432628,14326280,28215,null,"5.197-Base_de_datos_MySQL-Hosting_virtual-Oro-Tipo 1 - 1 Und",null,5.5,"Mes",1432628,7879454,39216]
["Modificación de artículo o servicio",198,"5.42-Instalación_configuración_administración_Apache--Oro-Tipo 1 - 1 Und","5.42-Instalación_configuración_administración_Apache--Oro-Tipo 1 - 1 Und",10,"Mes",97770,{"$f":"E136*G136","v":977700},28215,null,{"$f":"C136","v":"5.42-Instalación_configuración_administración_Apache--Oro-Tipo 1 - 1 Und"},null,5.5,"Mes",97770,{"$f":"M136*O136","v":537735},39216]
["Modificación de artículo o servicio",178,"5.169-Instalación_configuración_administración_Base_de_Datos_Oracle--Oro-Tipo 1 - 1 Und","5.169-Instalación_configuración_administración_Base_de_Datos_Oracle--Oro-Tipo 1 - 1 Und",10,"Mes",547370,5473700,28215,null,"5.169-Instalación_configuración_administración_Base_de_Datos_Oracle--Oro-Tipo 1 - 1 Und",null,5.5,"Mes",547370,3010535,39216]
["Modificación de artículo o servicio",171,"5.42-Instalación_configuración_administración_Apache--Oro-Tipo 1 - 3 Und","5.42-Instalación_configuración_administración_Apache--Oro-Tipo 1 - 3 Und",10,"Mes",293310,2933100,28215,null,"5.42-Instalación_configuración_administración_Apache--Oro-Tipo 1 - 3 Und",null,5.5,"Mes",293310,1613205,39216]
["Modificación de artículo o servicio",154,"5.667-Jboss-Nube_privada-Oro-Tipo 2 - 3 Und","5.667-Jboss-Nube_privada-Oro-Tipo 2 - 3 Und",10,"Mes",5995608,59956080,28215,null,"5.667-Jboss-Nube_privada-Oro-Tipo 2 - 3 Und",null,5.5,"Mes",5995608,32975844,39216]
["Modificación de artículo o servicio",153,"4.1-Balanceador_de_Carga_Dedicado-Hosting_físico-Oro-Tipo 1 - 1 Und","4.1-Balanceador_de_Carga_Dedicado-Hosting_físico-Oro-Tipo 1 - 1 Und",10,"Mes",1591942,15919420,28215,null,"4.1-Balanceador_de_Carga_Dedicado-Hosting_físico-Oro-Tipo 1 - 1 Und",null,5.5,"Mes",1591942,8755681,39216]
["Modificación de artículo o servicio",149,"5.41-Apache-Hosting_virtual-Oro-Tipo 1 - 3 Und","5.41-Apache-Hosting_virtual-Oro-Tipo 1 - 3 Und",10,"Mes",3584384,35843840,28215,null,"5.41-Apache-Hosting_virtual-Oro-Tipo 1 - 3 Und",null,5.5,"Mes",3584384,19714112,39216]
["Modificación de artículo o servicio",143,"6.0-Certificado_digital_sitio_seguro--Oro-Tipo 1 - 1 Und","6.0-Certificado_digital_sitio_seguro--Oro-Tipo 1 - 1 Und",1,"Mes",1092877,1092877,28215,null,"6.0-Certificado_digital_sitio_seguro--Oro-Tipo 1 - 1 Und",null,1,"Mes",1092877,1092877,39216]
["Modificación de artículo o servicio",140,"3.7 -Almacenamiento_para_Backup-Hosting_virtual-Oro-Tipo 1 - 455 GB","3.7 -Almacenamiento_para_Backup-Hosting_virtual-Oro-Tipo 1 - 455 GB",10,"Mes",58693,586930,28215,null,"3.7 -Almacenamiento_para_Backup-Hosting_virtual-Oro-Tipo 1 - 455 GB",null,5.5,"Mes",58693,322811.5,39216]
["Modificación de artículo o servicio",139,"5.42-Instalación_configuración_administración_Apache--Oro-Tipo 1 - 3 Und","5.42-Instalación_configuración_administración_Apache--Oro-Tipo 1 - 3 Und",10,"Mes",293310,2933100,28215,null,"5.42-Instalación_configuración_administración_Apache--Oro-Tipo 1 - 3 Und",null,5.5,"Mes",293310,1613205,39216]
["Modificación de artículo o servicio",136,"5.150-Base_de_Datos_Oracle-Hosting_virtual-Oro-Tipo 1 - 1 Und","5.150-Base_de_Datos_Oracle-Hosting_virtual-Oro-Tipo 1 - 1 Und",10,"Mes",3605205,36052050,28215,null,"5.150-Base_de_Datos_Oracle-Hosting_virtual-Oro-Tipo 1 - 1 Und",null,5.5,"Mes",3605205,19828627.5,39216]
["Modificación de artículo o servicio",135,"2.11-Servidor_Grande-Hosting_virtual-Oro-Tipo 1 - 4 Und","2.11-Servidor_Grande-Hosting_virtual-Oro-Tipo 1 - 4 Und",44,"Semana",899374,39572456,28215,null,"2.11-Servidor_Grande-Hosting_virtual-Oro-Tipo 1 - 4 Und",null,26,"Semana",899374,23383724,39216]
["Modificación de artículo o servicio",107,"5.169-Instalación_configuración_administración_Base_de_Datos_Oracle--Oro-Tipo 1 - 1 Und","5.169-Instalación_configuración_administración_Base_de_Datos_Oracle--Oro-Tipo 1 - 1 Und",10,"Mes",547370,5473700,28215,null,"5.169-Instalación_configuración_administración_Base_de_Datos_Oracle--Oro-Tipo 1 - 1 Und",null,5.5,"Mes",547370,3010535,39216]
["Modificación de artículo o servicio",103,"3.9-Tareas_de_Backup-Hosting_virtual-Oro-Tipo 1 - 5 Und","3.9-Tareas_de_Backup-Hosting_virtual-Oro-Tipo 1 - 5 Und",44,"Semana",51374,2260456,28215,null,"3.9-Tareas_de_Backup-Hosting_virtual-Oro-Tipo 1 - 5 Und",null,26,"Semana",51374,1335724,39216]
["Modificación de artículo o servicio",168,"5.652-Jboss-Nube_privada-Oro-Tipo 2 - 1 Und","5.652-Jboss-Nube_privada-Oro-Tipo 2 - 1 Und",10,"Mes",1133529,11335290,28215,null,"5.652-Jboss-Nube_privada-Oro-Tipo 2 - 1 Und",null,5.5,"Mes",1133529,6234409.5,39216]
["Modificación de artículo o servicio",166,"5.31-Apache-Hosting_virtual-Oro-Tipo 1 - 1 Und","5.31-Apache-Hosting_virtual-Oro-Tipo 1 - 1 Und",10,"Mes",613787,6137870,28215,null,"5.31-Apache-Hosting_virtual-Oro-Tipo 1 - 1 Und",null,5.5,"Mes",613787,3375828.5,39216]
["Modificación de artículo o servicio",146,"5.42-Instalación_configuración_administración_Apache--Oro-Tipo 1 - 1 Und","5.42-Instalación_configuración_administración_Apache--Oro-Tipo 1 - 1 Und",10,"Mes",97770,977700,28215,null,"5.42-Instalación_configuración_administración_Apache--Oro-Tipo 1 - 1 Und",null,5.5,"Mes",97770,537735,39216]
["Modificación de artículo o servicio",137,"5.169-Instalación_configuración_administración_Base_de_Datos_Oracle--Oro-Tipo 1 - 1 Und","5.169-Instalación_configuración_administración_Base_de_Datos_Oracle--Oro-Tipo 1 - 1 Und",10,"Mes",547370,5473700,28215,null,"5.169-Instalación_configuración_administración_Base_de_Datos_Oracle--Oro-Tipo 1 - 1 Und",null,5.5,"Mes",547370,3010535,39216]
["Modificación de artículo o servicio",116,"2.1-Servidor_Pequeño-Hosting_virtual-Oro-Tipo 1 - 2 Und","2.1-Servidor_Pequeño-Hosting_virtual-Oro-Tipo 1 - 2 Und",44,"Semana",171806,7559464,28215,null,"2.1-Servidor_Pequeño-Hosting_virtual-Oro-Tipo 1 - 2 Und",null,24,"Semana",171806,4123344,39216]
["Modificación de artículo o servicio",110,"3.9-Tareas_de_Backup-Hosting_virtual-Oro-Tipo 1 - 5 Und","3.9-Tareas_de_Backup-Hosting_virtual-Oro-Tipo 1 - 5 Und",44,"Semana",51374,2260456,28215,null,"3.9-Tareas_de_Backup-Hosting_virtual-Oro-Tipo 1 - 5 Und",null,24,"Semana",51374,1232976,39216]
["Modificación de artículo o servicio",74,"3.7 -Almacenamiento_para_Backup-Hosting_virtual-Oro-Tipo 1 - 130 GB","3.7 -Almacenamiento_para_Backup-Hosting_virtual-Oro-Tipo 1 - 130 GB",10,"Mes",16770,167700,28215,null,"3.7 -Almacenamiento_para_Backup-Hosting_virtual-Oro-Tipo 1 - 130 GB",null,5.5,"Mes",16770,92235,39216]
["Modificación de artículo o servicio",72,"5.140-Base_de_Datos_Oracle-Hosting_virtual-Oro-Tipo 1 - 1 Und","5.140-Base_de_Datos_Oracle-Hosting_virtual-Oro-Tipo 1 - 1 Und",10,"Mes",3024198,30241980,28215,null,"5.140-Base_de_Datos_Oracle-Hosting_virtual-Oro-Tipo 1 - 1 Und",null,5.5,"Mes",3024198,16633089,39216]
["Modificación de artículo o servicio",186,"5.14-Instalación_configuración_administración_Windows_IIS--Oro-Tipo 1 - 1 Und","5.14-Instalación_configuración_administración_Windows_IIS--Oro-Tipo 1 - 1 Und",10,"Mes",73327,733270,28215,null,"5.14-Instalación_configuración_administración_Windows_IIS--Oro-Tipo 1 - 1 Und",null,5.5,"Mes",73327,403298.5,39216]
["Modificación de artículo o servicio",185,"5.5-Windows_IIS-Hosting_virtual-Oro-Tipo 1 - 1 Und","5.5-Windows_IIS-Hosting_virtual-Oro-Tipo 1 - 1 Und",10,"Mes",1092888,10928880,28215,null,"5.5-Windows_IIS-Hosting_virtual-Oro-Tipo 1 - 1 Und",null,5.5,"Mes",1092888,6010884,39216]
["Modificación de artículo o servicio",123,"2.9-Servidor_Grande-Hosting_virtual-Oro-Tipo 1 - 2 Und","2.9-Servidor_Grande-Hosting_virtual-Oro-Tipo 1 - 2 Und",44,"Semana",447568,19692992,28215,null,"2.9-Servidor_Grande-Hosting_virtual-Oro-Tipo 1 - 2 Und",null,24,"Semana",447568,10741632,39216]
["Modificación de artículo o servicio",122,"3.9-Tareas_de_Backup-Hosting_virtual-Oro-Tipo 1 - 5 Und","3.9-Tareas_de_Backup-Hosting_virtual-Oro-Tipo 1 - 5 Und",44,"Semana",51374,2260456,28215,null,"3.9-Tareas_de_Backup-Hosting_virtual-Oro-Tipo 1 - 5 Und",null,24,"Semana",51374,1232976,39216]
["Modificación de artículo o servicio",38,"6.0-Certificado_digital_sitio_seguro--Oro-Tipo 1 - 1 Und","6.0-Certificado_digital_sitio_seguro--Oro-Tipo 1 - 1 Und",1,"Mes",1092877,1092877,28215,null,"6.0-Certificado_digital_sitio_seguro--Oro-Tipo 1 - 1 Und",null,1,"Mes",1092877,1092877,39216]
["Modificación de artículo o servicio",36,"3.7 -Almacenamiento_para_Backup-Hosting_virtual-Oro-Tipo 1 - 125 GB","3.7 -Almacenamiento_para_Backup-Hosting_virtual-Oro-Tipo 1 - 125 GB",10,"Mes",16124,161240,28215,null,"3.7 -Almacenamiento_para_Backup-Hosting_virtual-Oro-Tipo 1 - 125 GB",null,5.5,"Mes",16124,88682,39216]
["Modificación de artículo o servicio",35,"5.185-Instalación_configuración_administración_Base_de_Datos_SQL_Server--Oro-Tipo 1 - 1 Und","5.185-Instalación_configuración_administración_Base_de_Datos_SQL_Server--Oro-Tipo 1 - 1 Und",10,"Mes",42105,421050,28215,null,"5.185-Instalación_configuración_administración_Base_de_Datos_SQL_Server--Oro-Tipo 1 - 1 Und",null,5.5,"Mes",42105,231577.5,39216]
["Modificación de artículo o servicio",34,"5.175-Base_de_Datos_SQL_Server-Hosting_virtual-Oro-Tipo 1 - 1 Und","5.175-Base_de_Datos_SQL_Server-Hosting_virtual-Oro-Tipo 1 - 1 Und",10,"Mes",1752481,17524810,28215,null,"5.175-Base_de_Datos_SQL_Server-Hosting_virtual-Oro-Tipo 1 - 1 Und",null,5.5,"Mes",1752481,9638645.5,39216]
["Modificación de artículo o servicio",175,"5.216-Instalación_configuración_administración_Base_de_datos_MySQL--Oro-Tipo 1 - 1 Und","5.216-Instalación_configuración_administración_Base_de_datos_MySQL--Oro-Tipo 1 - 1 Und",10,"Mes",213345,2133450,28215,null,"5.216-Instalación_configuración_administración_Base_de_datos_MySQL--Oro-Tipo 1 - 1 Und",null,5.5,"Mes",213345,1173397.5,39216]
["Modificación de artículo o servicio",158,"5.42-Instalación_configuración_administración_Apache--Oro-Tipo 1 - 1 Und","5.42-Instalación_configuración_administración_Apache--Oro-Tipo 1 - 1 Und",10,"Mes",97770,977700,28215,null,"5.42-Instalación_configuración_administración_Apache--Oro-Tipo 1 - 1 Und",null,5.5,"Mes",97770,537735,39216]
["Modificación de artículo o servicio",145,"5.41-Apache-Hosting_virtual-Oro-Tipo 1 - 1 Und","5.41-Apache-Hosting_virtual-Oro-Tipo 1 - 1 Und",10,"Mes",1194795,11947950,28215,null,"5.41-Apache-Hosting_virtual-Oro-Tipo 1 - 1 Und",null,5.5,"Mes",1194795,6571372.5,39216]
["Modificación de artículo o servicio",127,"3.9-Tareas_de_Backup-Hosting_virtual-Oro-Tipo 1 - 5 Und","3.9-Tareas_de_Backup-Hosting_virtual-Oro-Tipo 1 - 5 Und",44,"Semana",51374,{"$f":"E168*G168","v":2260456},28215,null,{"$f":"C168","v":"3.9-Tareas_de_Backup-Hosting_virtual-Oro-Tipo 1 - 5 Und"},null,26,"Semana",51374,{"$f":"M168*O168","v":1335724},39216]
["Modificación de artículo o servicio",105,"2.11-Servidor_Grande-Hosting_virtual-Oro-Tipo 1 - 2 Und","2.11-Servidor_Grande-Hosting_virtual-Oro-Tipo 1 - 2 Und",44,"Semana",449687,19786228,28215,null,"2.11-Servidor_Grande-Hosting_virtual-Oro-Tipo 1 - 2 Und",null,26,"Semana",449687,11691862,39216]
["Modificación de artículo o servicio",92,"5.197-Base_de_datos_MySQL-Hosting_virtual-Oro-Tipo 1 - 1 Und","5.197-Base_de_datos_MySQL-Hosting_virtual-Oro-Tipo 1 - 1 Und",10,"Mes",1432628,14326280,28215,null,"5.197-Base_de_datos_MySQL-Hosting_virtual-Oro-Tipo 1 - 1 Und",null,5.5,"Mes",1432628,7879454,39216]
["Modificación de artículo o servicio",32,"6.10-Memoria_RAM_Adicional-Hosting_virtual-Oro-Tipo 1 - 64 Und","6.10-Memoria_RAM_Adicional-Hosting_virtual-Oro-Tipo 1 - 64 Und",2,"Mes",1146433,2292866,28215,null,"6.10-Memoria_RAM_Adicional-Hosting_virtual-Oro-Tipo 1 - 64 Und",null,5.5,"Mes",1146433,6305381.5,39216]
["Modificación de artículo o servicio",29,"3.7 -Almacenamiento_para_Backup-Hosting_virtual-Oro-Tipo 1 - 270 GB","3.7 -Almacenamiento_para_Backup-Hosting_virtual-Oro-Tipo 1 - 270 GB",10,"Mes",34829,348290,28215,null,"3.7 -Almacenamiento_para_Backup-Hosting_virtual-Oro-Tipo 1 - 270 GB",null,5.5,"Mes",34829,191559.5,39216]
["Modificación de artículo o servicio",165,"5.14-Instalación_configuración_administración_Windows_IIS--Oro-Tipo 1 - 4 Und","5.14-Instalación_configuración_administración_Windows_IIS--Oro-Tipo 1 - 4 Und",10,"Mes",293309,2933090,28215,null,"5.14-Instalación_configuración_administración_Windows_IIS--Oro-Tipo 1 - 4 Und",null,5.5,"Mes",293309,1613199.5,39216]
["Modificación de artículo o servicio",164,"5.3-Windows_IIS-Hosting_virtual-Oro-Tipo 1 - 4 Und","5.3-Windows_IIS-Hosting_virtual-Oro-Tipo 1 - 4 Und",10,"Mes",2504890,25048900,28215,null,"5.3-Windows_IIS-Hosting_virtual-Oro-Tipo 1 - 4 Und",null,5.5,"Mes",2504890,13776895,39216]
["Modificación de artículo o servicio",163,"5.138-Instalación_configuración_administración_Biztalk--Oro-Tipo 1 - 2 Und","5.138-Instalación_configuración_administración_Biztalk--Oro-Tipo 1 - 2 Und",10,"Mes",1784814,17848140,28215,null,"5.138-Instalación_configuración_administración_Biztalk--Oro-Tipo 1 - 2 Und",null,5.5,"Mes",1784814,9816477,39216]
["Modificación de artículo o servicio",162,"5.127-Biztalk-Hosting_virtual-Oro-Tipo 1 - 2 Und","5.127-Biztalk-Hosting_virtual-Oro-Tipo 1 - 2 Und",10,"Mes",6798775,67987750,28215,null,"5.127-Biztalk-Hosting_virtual-Oro-Tipo 1 - 2 Und",null,5.5,"Mes",6798775,37393262.5,39216]
["Modificación de artículo o servicio",161,"5.185-Instalación_configuración_administración_Base_de_Datos_SQL_Server--Oro-Tipo 1 - 1 Und","5.185-Instalación_configuración_administración_Base_de_Datos_SQL_Server--Oro-Tipo 1 - 1 Und",10,"Mes",421054,4210540,28215,null,"5.185-Instalación_configuración_administración_Base_de_Datos_SQL_Server--Oro-Tipo 1 - 1 Und",null,5.5,"Mes",421054,2315797,39216]
["Modificación de artículo o servicio",132,"3.9-Tareas_de_Backup-Hosting_virtual-Oro-Tipo 1 - 5 Und","3.9-Tareas_de_Backup-Hosting_virtual-Oro-Tipo 1 - 5 Und",44,"Semana",51374,2260456,28215,null,"3.9-Tareas_de_Backup-Hosting_virtual-Oro-Tipo 1 - 5 Und",null,24,"Semana",51374,1232976,39216]
["Modificación de artículo o servicio",124,"5.173-Base_de_Datos_SQL_Server-Hosting_virtual-Oro-Tipo 1 - 1 Und","5.173-Base_de_Datos_SQL_Server-Hosting_virtual-Oro-Tipo 1 - 1 Und",10,"Mes",1285815,12858150,28215,null,"5.173-Base_de_Datos_SQL_Server-Hosting_virtual-Oro-Tipo 1 - 1 Und",null,5.5,"Mes",1285815,7071982.5,39216]
["Modificación de artículo o servicio",46,"6.0-Certificado_digital_sitio_seguro--Oro-Tipo 1 - 1 Und","6.0-Certificado_digital_sitio_seguro--Oro-Tipo 1 - 1 Und",1,"Mes",1092877,1092877,28215,null,"6.0-Certificado_digital_sitio_seguro--Oro-Tipo 1 - 1 Und",null,1,"Mes",1092877,1092877,39216]
["Modificación de artículo o servicio",44,"3.7 -Almacenamiento_para_Backup-Hosting_virtual-Oro-Tipo 1 - 280 GB","3.7 -Almacenamiento_para_Backup-Hosting_virtual-Oro-Tipo 1 - 280 GB",10,"Mes",36119,361190,28215,null,"3.7 -Almacenamiento_para_Backup-Hosting_virtual-Oro-Tipo 1 - 280 GB",null,5.5,"Mes",36119,198654.5,39216]
["Modificación de artículo o servicio",41,"2.5-Servidor_Mediano-Hosting_virtual-Oro-Tipo 1 - 5 Und","2.5-Servidor_Mediano-Hosting_virtual-Oro-Tipo 1 - 5 Und",44,"Semana",567142,24954248,28215,null,"2.5-Servidor_Mediano-Hosting_virtual-Oro-Tipo 1 - 5 Und",null,24,"Semana",567142,13611408,39216]
["Modificación de artículo o servicio",193,"5.185-Instalación_configuración_administración_Base_de_Datos_SQL_Server--Oro-Tipo 1 - 1 Und","5.185-Instalación_configuración_administración_Base_de_Datos_SQL_Server--Oro-Tipo 1 - 1 Und",10,"Mes",421054,4210540,28215,null,"5.185-Instalación_configuración_administración_Base_de_Datos_SQL_Server--Oro-Tipo 1 - 1 Und",null,5.5,"Mes",421054,2315797,39216]
["Modificación de artículo o servicio",165,"5.14-Instalación_configuración_administración_Windows_IIS--Oro-Tipo 1 - 4 Und","5.14-Instalación_configuración_administración_Windows_IIS--Oro-Tipo 1 - 4 Und",10,"Mes",293309,2933090,28215,null,"5.14-Instalación_configuración_administración_Windows_IIS--Oro-Tipo 1 - 4 Und",null,5.5,"Mes",293309,1613199.5,39216]
["Modificación de artículo o servicio",164,"5.3-Windows_IIS-Hosting_virtual-Oro-Tipo 1 - 4 Und","5.3-Windows_IIS-Hosting_virtual-Oro-Tipo 1 - 4 Und",10,"Mes",2504890,25048900,28215,null,"5.3-Windows_IIS-Hosting_virtual-Oro-Tipo 1 - 4 Und",null,5.5,"Mes",2504890,13776895,39216]
["Modificación de artículo o servicio",163,"5.138-Instalación_configuración_administración_Biztalk--Oro-Tipo 1 - 2 Und","5.138-Instalación_configuración_administración_Biztalk--Oro-Tipo 1 - 2 Und",10,"Mes",1784814,17848140,28215,null,"5.138-Instalación_configuración_administración_Biztalk--Oro-Tipo 1 - 2 Und",null,5.5,"Mes",1784814,9816477,39216]
["Modificación de artículo o servicio",162,"5.127-Biztalk-Hosting_virtual-Oro-Tipo 1 - 2 Und","5.127-Biztalk-Hosting_virtual-Oro-Tipo 1 - 2 Und",10,"Mes",6798775,67987750,28215,null,"5.127-Biztalk-Hosting_virtual-Oro-Tipo 1 - 2 Und",null,5.5,"Mes",6798775,37393262.5,39216]
["Modificación de artículo o servicio",141,"3.9-Tareas_de_Backup-Hosting_virtual-Oro-Tipo 1 - 5 Und","3.9-Tareas_de_Backup-Hosting_virtual-Oro-Tipo 1 - 5 Und",44,"Semana",51374,2260456,28215,null,"3.9-Tareas_de_Backup-Hosting_virtual-Oro-Tipo 1 - 5 Und",null,24,"Semana",51374,1232976,39216]
["Modificación de artículo o servicio",124,"5.173-Base_de_Datos_SQL_Server-Hosting_virtual-Oro-Tipo 1 - 1 Und","5.173-Base_de_Datos_SQL_Server-Hosting_virtual-Oro-Tipo 1 - 1 Und",10,"Mes",1285815,12858150,28215,null,"5.173-Base_de_Datos_SQL_Server-Hosting_virtual-Oro-Tipo 1 - 1 Und",null,5.5,"Mes",1285815,7071982.5,39216]
["Modificación de artículo o servicio",44,"3.7 -Almacenamiento_para_Backup-Hosting_virtual-Oro-Tipo 1 - 280 GB","3.7 -Almacenamiento_para_Backup-Hosting_virtual-Oro-Tipo 1 - 280 GB",10,"Mes",36119,361190,28215,null,"3.7 -Almacenamiento_para_Backup-Hosting_virtual-Oro-Tipo 1 - 280 GB",null,5.5,"Mes",36119,198654.5,39216]
["Modificación de artículo o servicio",41,"2.5-Servidor_Mediano-Hosting_virtual-Oro-Tipo 1 - 5 Und","2.5-Servidor_Mediano-Hosting_virtual-Oro-Tipo 1 - 5 Und",44,"Semana",567142,24954248,28215,null,"2.5-Servidor_Mediano-Hosting_virtual-Oro-Tipo 1 - 5 Und",null,24,"Semana",567142,13611408,39216]
["Modificación de artículo o servicio",24,"6.8-Experto_TI_tipo_3--Oro-Tipo 1 - 140 Und","6.8-Experto_TI_tipo_3--Oro-Tipo 1 - 140 Und",1,"Mes",9604214,9604214,28215,null,"6.8-Experto_TI_tipo_3--Oro-Tipo 1 - 140 Und",null,2,"Mes",9604214,19208428,39216]
["Modificación de artículo o servicio",23,"6.7-Experto_TI_tipo_2--Oro-Tipo 1 - 140 Und","6.7-Experto_TI_tipo_2--Oro-Tipo 1 - 140 Und",1,"Mes",5571918,5571918,28215,null,"6.7-Experto_TI_tipo_2--Oro-Tipo 1 - 140 Und",null,2,"Mes",5571918,11143836,39216]
["Modificación de artículo o servicio",22,"6.6-Experto_TI_tipo_1--Oro-Tipo 1 - 140 Und","6.6-Experto_TI_tipo_1--Oro-Tipo 1 - 140 Und",1,"Mes",3039222,3039222,28215,null,"6.6-Experto_TI_tipo_1--Oro-Tipo 1 - 140 Und",null,2,"Mes",3039222,6078444,39216]
["Modificación de artículo o servicio",200,"3.9-Tareas_de_Backup-Hosting_virtual-Oro-Tipo 1 - 5 Und","3.9-Tareas_de_Backup-Hosting_virtual-Oro-Tipo 1 - 5 Und",44,"Semana",51374,2260456,28215,null,"3.9-Tareas_de_Backup-Hosting_virtual-Oro-Tipo 1 - 5 Und",null,8,"Semana",51374,410992,39216]
["Modificación de artículo o servicio",169,"4.1-Balanceador_de_Carga_Dedicado-Hosting_físico-Oro-Tipo 1 - 1 Und","4.1-Balanceador_de_Carga_Dedicado-Hosting_físico-Oro-Tipo 1 - 1 Und",10,"Mes",1591942,15919420,28215,null,"4.1-Balanceador_de_Carga_Dedicado-Hosting_físico-Oro-Tipo 1 - 1 Und",null,3,"Mes",1591942,4775826,39216]
["Modificación de artículo o servicio",167,"5.42-Instalación_configuración_administración_Apache--Oro-Tipo 1 - 1 Und","5.42-Instalación_configuración_administración_Apache--Oro-Tipo 1 - 1 Und",10,"Mes",97770,977700,28215,null,"5.42-Instalación_configuración_administración_Apache--Oro-Tipo 1 - 1 Und",null,3,"Mes",97770,293310,39216]
["Modificación de artículo o servicio",157,"5.41-Apache-Hosting_virtual-Oro-Tipo 1 - 1 Und","5.41-Apache-Hosting_virtual-Oro-Tipo 1 - 1 Und",10,"Mes",1194795,11947950,28215,null,"5.41-Apache-Hosting_virtual-Oro-Tipo 1 - 1 Und",null,3,"Mes",1194795,3584385,39216]
["Modificación de artículo o servicio",156,"5.667-Jboss-Nube_privada-Oro-Tipo 2 - 3 Und","5.667-Jboss-Nube_privada-Oro-Tipo 2 - 3 Und",10,"Mes",5995608,59956080,28215,null,"5.667-Jboss-Nube_privada-Oro-Tipo 2 - 3 Und",null,3,"Mes",5995608,17986824,39216]
["Modificación de artículo o servicio",155,"3.7 -Almacenamiento_para_Backup-Hosting_virtual-Oro-Tipo 1 - 100 GB","3.7 -Almacenamiento_para_Backup-Hosting_virtual-Oro-Tipo 1 - 100 GB",10,"Mes",12900,{"$f":"E200*G200","v":129000},28215,null,{"$f":"C200","v":"3.7 -Almacenamiento_para_Backup-Hosting_virtual-Oro-Tipo 1 - 100 GB"},null,3,"Mes",12900,{"$f":"M200*O200","v":38700},39216]
["Modificación de artículo o servicio",129,"5.197-Base_de_datos_MySQL-Hosting_virtual-Oro-Tipo 1 - 1 Und","5.197-Base_de_datos_MySQL-Hosting_virtual-Oro-Tipo 1 - 1 Und",10,"Mes",1432628,14326280,28215,null,"5.197-Base_de_datos_MySQL-Hosting_virtual-Oro-Tipo 1 - 1 Und",null,3,"Mes",1432628,4297884,39216]
["Modificación de artículo o servicio",90,"2.7-Servidor_Mediano-Hosting_virtual-Oro-Tipo 1 - 1 Und","2.7-Servidor_Mediano-Hosting_virtual-Oro-Tipo 1 - 1 Und",44,"Semana",114488,5037472,28215,null,"2.7-Servidor_Mediano-Hosting_virtual-Oro-Tipo 1 - 1 Und",null,12,"Semana",114488,1373856,39216]
["Modificación de artículo o servicio",7,"6.0-Certificado_digital_sitio_seguro--Oro-Tipo 1 - 1 Und","6.0-Certificado_digital_sitio_seguro--Oro-Tipo 1 - 1 Und",1,"Mes",1092877,1092877,28215,null,"6.0-Certificado_digital_sitio_seguro--Oro-Tipo 1 - 1 Und",null,1,"Mes",1092877,1092877,39216]
["Modificación de artículo o servicio",2,"2.15-Servidor_Extra_Grande-Hosting_virtual-Oro-Tipo 1 - 2 Und","2.15-Servidor_Extra_Grande-Hosting_virtual-Oro-Tipo 1 - 2 Und",44,"Semana",1191498,52425912,28215,null,"2.15-Servidor_Extra_Grande-Hosting_virtual-Oro-Tipo 1 - 2 Und",null,12,"Semana",1191498,14297976,39216]
["Modificación de artículo o servicio",1,"2.11-Servidor_Grande-Hosting_virtual-Oro-Tipo 1 - 1 Und","2.11-Servidor_Grande-Hosting_virtual-Oro-Tipo 1 - 1 Und",44,"Semana",224844,9893136,28215,null,"2.11-Servidor_Grande-Hosting_virtual-Oro-Tipo 1 - 1 Und",null,12,"Semana",224844,2698128,39216]
["Modificación de artículo o servicio",200,"3.9-Tareas_de_Backup-Hosting_virtual-Oro-Tipo 1 - 5 Und","3.9-Tareas_de_Backup-Hosting_virtual-Oro-Tipo 1 - 5 Und",44,"Semana",51374,2260456,28215,null,"3.9-Tareas_de_Backup-Hosting_virtual-Oro-Tipo 1 - 5 Und",null,12,"Semana",51374,616488,39216]
["Modificación de artículo o servicio",199,"3.7 -Almacenamiento_para_Backup-Hosting_virtual-Oro-Tipo 1 - 800 GB","3.7 -Almacenamiento_para_Backup-Hosting_virtual-Oro-Tipo 1 - 800 GB",10,"Mes",103197,1031970,28215,null,"3.7 -Almacenamiento_para_Backup-Hosting_virtual-Oro-Tipo 1 - 800 GB",null,3,"Mes",103197,309591,39216]
["Modificación de artículo o servicio",197,"5.33-Apache-Hosting_virtual-Oro-Tipo 1 - 1 Und","5.33-Apache-Hosting_virtual-Oro-Tipo 1 - 1 Und",10,"Mes",618026,6180260,28215,null,"5.33-Apache-Hosting_virtual-Oro-Tipo 1 - 1 Und",null,3,"Mes",618026,1854078,39216]
["Modificación de artículo o servicio",196,"5.216-Instalación_configuración_administración_Base_de_datos_MySQL--Oro-Tipo 1 - 1 Und","5.216-Instalación_configuración_administración_Base_de_datos_MySQL--Oro-Tipo 1 - 1 Und",10,"Mes",213345,2133450,28215,null,"5.216-Instalación_configuración_administración_Base_de_datos_MySQL--Oro-Tipo 1 - 1 Und",null,3,"Mes",213345,640035,39216]
["Modificación de artículo o servicio",194,"5.661-Jboss-Nube_privada-Oro-Tipo 2 - 1 Und","5.661-Jboss-Nube_privada-Oro-Tipo 2 - 1 Und",10,"Mes",1248478,12484780,28215,null,"5.661-Jboss-Nube_privada-Oro-Tipo 2 - 1 Und",null,3,"Mes",1248478,3745434,39216]
["Modificación de artículo o servicio",193,"5.185-Instalación_configuración_administración_Base_de_Datos_SQL_Server--Oro-Tipo 1 - 1 Und","5.185-Instalación_configuración_administración_Base_de_Datos_SQL_Server--Oro-Tipo 1 - 1 Und",10,"Mes",421054,4210540,28215,null,"5.185-Instalación_configuración_administración_Base_de_Datos_SQL_Server--Oro-Tipo 1 - 1 Und",null,3,"Mes",421054,1263162,39216]
["Modificación de artículo o servicio",192,"5.175-Base_de_Datos_SQL_Server-Hosting_virtual-Oro-Tipo 1 - 1 Und","5.175-Base_de_Datos_SQL_Server-Hosting_virtual-Oro-Tipo 1 - 1 Und",10,"Mes",1752481,17524810,28215,null,"5.175-Base_de_Datos_SQL_Server-Hosting_virtual-Oro-Tipo 1 - 1 Und",null,3,"Mes",1752481,5257443,39216]
["Modificación de artículo o servicio",191,"2.9-Servidor_Grande-Hosting_virtual-Oro-Tipo 1 - 1 Und","2.9-Servidor_Grande-Hosting_virtual-Oro-Tipo 1 - 1 Und",44,"Semana",223784,9846496,28215,null,"2.9-Servidor_Grande-Hosting_virtual-Oro-Tipo 1 - 1 Und",null,12,"Semana",223784,2685408,39216]
["Modificación de artículo o servicio",190,"2.11-Servidor_Grande-Hosting_virtual-Oro-Tipo 1 - 1 Und","2.11-Servidor_Grande-Hosting_virtual-Oro-Tipo 1 - 1 Und",44,"Semana",224844,9893136,28215,null,"2.11-Servidor_Grande-Hosting_virtual-Oro-Tipo 1 - 1 Und",null,12,"Semana",224844,2698128,39216]
["Modificación de artículo o servicio",189,"2.7-Servidor_Mediano-Hosting_virtual-Oro-Tipo 1 - 1 Und","2.7-Servidor_Mediano-Hosting_virtual-Oro-Tipo 1 - 1 Und",44,"Semana",114488,5037472,28215,null,"2.7-Servidor_Mediano-Hosting_virtual-Oro-Tipo 1 - 1 Und",null,12,"Semana",114488,1373856,39216]
["Modificación de artículo o servicio",188,"2.3-Servidor_Pequeño-Hosting_virtual-Oro-Tipo 1 - 4 Und","2.3-Servidor_Pequeño-Hosting_virtual-Oro-Tipo 1 - 4 Und",44,"Semana",347850,15305400,28215,null,"2.3-Servidor_Pequeño-Hosting_virtual-Oro-Tipo 1 - 4 Und",null,12,"Semana",347850,4174200,39216]
["Modificación de artículo o servicio",174,"5.42-Instalación_configuración_administración_Apache--Oro-Tipo 1 - 1 Und","5.42-Instalación_configuración_administración_Apache--Oro-Tipo 1 - 1 Und",10,"Mes",97770,977700,28215,null,"5.42-Instalación_configuración_administración_Apache--Oro-Tipo 1 - 1 Und",null,3,"Mes",97770,293310,39216]
["Modificación de artículo o servicio",52,"5.193-Base_de_datos_MySQL-Hosting_virtual-Oro-Tipo 1 - 1 Und","5.193-Base_de_datos_MySQL-Hosting_virtual-Oro-Tipo 1 - 1 Und",10,"Mes",965962,9659620,28215,null,"5.193-Base_de_datos_MySQL-Hosting_virtual-Oro-Tipo 1 - 1 Und",null,3,"Mes",965962,2897886,39216]
[]
[null,null,null,null,null,null,"TOTAL",{"$f":"SUM(H40:H218)","v":1899127177},null,null,null,null,null,null,"TOTAL",{"$f":"SUM(P40:P218)","v":954474282}]
[]
[]
[]
[]
[null,null,null,null,null,null,null,null,null,null,"Valor total del IVA en la Orden de Compra:",null,null,131651625.10344827]
[null,"Firma ordenador del gasto",null,null,null,null,"Firma de Proveedor"]
[null,null,null,null,null,null,null,null,null,null,"Valor total del AIU en la Orden de Compra:"]
["Nombre:","JUAN DAVID DUQUE BOTERO",null,null,null,"Nombre:","EDGAR MARTINEZ NIÑO"]
["Documento de Identidad:",79941784,null,null,"Documento de Identidad:",null,4130692,null,null,null,"Valor total gravámenes adicionales en la Orden de Compra:"]
[]
["Fecha Elaboracion:",null,null,null,null,null,null,null,null,null,"Valor total de la Orden de Compra:",null,null,2988770706]

{"sheet":"Instructivo de Diligenciamiento","index":1,"n_rows":7,"n_cols":2,"rows_kept":7,"cut":false,"hidden":false,"merged":[[6,1,77,10]]}
[]
[]
[]
[]
[]
[]
[null,"Instrucciones de diligenciamiento:\n\nColombia Compra Eficiente ha diseñado este formato para que las Entidades Compradoras puedan realizar aclaraciones, modificaciones,  cancelaciones o liquidaciones  de las Órdenes de Compra que estén en ejecución y vigentes. Para ello debe indicar:\n \n1. Datos generales: Datos básicos como número de la Orden de Compra que requiere cambiar, número consecutivo de solicitud tenga en cuenta que la primera solicitud corresponderá a la número “1”, nombre de la Entidad Compradora, nombre de la persona que solicita las acciones, NIT de la Entidad Compradora y el nombre del Proveedor que ejecuta la Orden de Compra.\n\n2. Tipo: Las Entidades pueden solicitar cuatro tipos de acciones respecto de las Órdenes de Compra:\n\n(i) Aclaraciones: Son las indicaciones de cambio de información que no afectan el plazo, el valor o las condiciones contractuales de las Órdenes de Compra como: redacción en las condiciones de entrega, errores de digitación  o rectificación de la fecha de vencimiento. Estas aclaraciones no requieren de la aceptación del Proveedor. Sin embargo una vez realizada la aclaración en la Orden de Compra, la Entidad Compradora debe notificarle al Proveedor el cambio. \n\n(ii) Modificaciones: Son indicaciones de cambio en aumento o disminución de valor o plazo,  aumento o disminución de los bienes o servicios solicitados, cambios en las condiciones de ejecución o datos que afecten la ejecución de la Orden de Compra. Solo en los casos de cambio de supervisor y datos de notificación como dirección o teléfono se puede omitir la firma del Proveedor. Sin embargo una vez realizada la modificación, la Entidad Compradora debe notificarle al Proveedor el cambio.\n\n(iii) Cancelación: Es la manifestación de la Entidad de no ejecutar la totalidad de la Orden de Compra la cual también debe ser aceptada por el Proveedor.\n\n(iv) Liquidación: Es el ajuste formal y definitivo de las obligaciones derivadas de la Orden de Compra para establecer las acreencias pendientes a favor o en contra de cada parte de la Orden de Compra, así como para aclarar la ejecución de la misma. Se efectúa, cuando aplique, dentro de los términos establecidos en cada Acuerdo Marco de Precios. Se requiere la solicitud por parte de la Entidad Compradora firmada por el Ordenador del Gasto y el representante legal del Proveedor, así como el informe del supervisor de la Orden de Compra. \n\n3. Justificación: Las razones de la realización del cambio o la cancelación de la Orden de Compra.\n\n4. Especificar las modificaciones solicitadas a la información general de la Orden de Compra o la modificación detallada de los bienes y servicios así:\n\n(i) Modificación de información general: Modificaciones a: (a) nombre del supervisor; (b) fecha de vencimiento de la Orden de Compra; (c) dirección y/o teléfono de la Entidad Compradora; o (d) Gravámenes adicionales (estampillas), en todos los campos debe diligenciar la información actual  en la Orden de Compra y los nueva información.\n\n(ii) Modificación de los artículos y/o servicios: \n\n(a) Modificaciones a los artículos o servicios: Adicionar o disminuir en cantidades un producto que fue adquirido en la Orden de Compra inicial. La Entidad debe identificar en los campos de “información actual”: (i) el número de la línea del artículo que lo puede consultar en la Orden de Compra (ii) el artículo adquirido inicialmente; (iii) las unidades de medida; (iv) las cantidades adquiridas; (v) los precios de la compra; y (vi) la información presupuestal. Para modificar o agregar nuevos artículos la Entidad Compradora debe identificar en el campo “nueva información”: (i) la cantidad final requerida; (ii) unidad de medida; (iii) precio unitario acordado previamente con el Proveedor el cual debe respetar lo dispuesto en el contrato correspondiente (precio techo, precio piso, etc.) y (iv) la información presupuestal que respalda el cambio o la inclusión.\n\n(b) Agregar nuevos artículos o servicios: Ingresar nuevos artículos que no se tenían contemplados en la Orden de Compra inicial. La Entidad Compradora debe previamente solicitarle al Proveedor el precio del artículo, el cual debe respetar lo dispuesto en el contrato correspondiente (precio techo, precio piso, etc.) y la Entidad Compradora lo debe indicar en el formato en el campo “nueva información”.\n\n(c) Eliminar artículos o servicios: Descartar artículos que la Entidad Compradora determine que no va a requerir durante la ejecución de la Orden de Compra. Para eliminar artículos la Entidad debe identificar en los campos de “información actual”: (i) el número de la línea del artículo que lo puede consultar en la Orden de Compra (ii) el artículo adquirido inicialmente; (iii) las unidades de medida; (iv) las cantidades adquiridas; (v) los precios de la compra; y (vi) la información presupuestal.\n\nEn esta sección la Entidad Compradora puede agregar tantas filas como artículos requiera modificar haciendo clic en el botón de Agregar registro o Eliminar registro.\n\n5. Consolidado de valores: Indicar en el recuadro el valor total del IVA, AUI, gravámenes adicionales y total de la Orden de Compra, estos campos serán los valores finales que quedarán en la Orden de Compra después de la modificación, tenga en cuenta que el campo de IVA no aplica para los AMP de papelería, vehículos y SOAT y que el campo de AIU solo aplica para aseo y cafetería.\n\n6. Firmas del documento: El ordenador del gasto de la Entidad Compradora debe firmar el documento y enviarlo al Proveedor para que lo acepte y firme, en caso de que así se requiera. El documento firmado debe ser enviado a través del aplicativo dispuesto por   Colombia Compra Eficiente para realizar las acciones solicitadas.\n\n7. Fecha de elaboración del documento: Corresponde a la fecha en la que la Entidad Compradora y el Proveedor llegaron a un acuerdo para realizar las acciones y se suscribe el documento, recuerde que para poder realizar modificaciones en las Órdenes de Compra las mismas se deben acordar dentro de la vigencia de la Orden de Compra. \n\nSi la Entidad Compradora requiere agregar archivos que estén relacionados con las acciones a realizar como: copia del CDP y/o aprobación de Vigencia Futura (VF) que soporta la adición, soportes documentales, correos, cartas, etc... debe publicarlos junto con el documento de solicitud de modificación suscrito en un único archivo Pdf, tenga en cuenta que Colombia Compra Eficiente únicamente realizara las modificaciones especificadas en el formato enviado por el aplicativo.\n"]

{"sheet":"Listas","index":2,"n_rows":5,"n_cols":3,"rows_kept":5,"cut":false,"hidden":true,"merged":[]}
["TipoDeModificacion",null,"Modificacion"]
["Modificación de la Orden de Compra",null,"Modificación de artículo o servicio"]
["Aclaración a la Orden de Compra",null,"Agregar nuevo artículo o servicio"]
["Cancelación de la Orden de Compra",null,"Eliminar artículo o servicio"]
["Liquidación de la Orden de Compra",null,"Ninguna"]